English unlimited. Elementary Coursebook with e-Portfolio A2
Guardat en:
| Autors principals: | , , , |
|---|---|
| Format: | Llibre |
| Idioma: | anglès |
| Publicat: |
Cambridge, United Kingdom:
Cambridge University Press,
2010.
|
| Matèries: | |
| Accés en línia: | Disponible Online |
| Etiquetes: |
Afegir etiqueta
Sense etiquetes, Sigues el primer a etiquetar aquest registre!
|
MARC
| LEADER | 00000cam a2200000 a 4500 | ||
|---|---|---|---|
| 001 | UCG8028 | ||
| 003 | CL-VaPUC | ||
| 005 | 20220922091907.0 | ||
| 008 | 111111e20100000UK |||||||||||||||||eng|d | ||
| 999 | |c 345675 |d 345673 | ||
| 020 | |a 9780521697729 | ||
| 040 | |c Pontificia Universidad Católica de Valparaíso | ||
| 082 | 0 | 4 | |a 428 TIL 2010 |2 21 |
| 100 | 0 | |a Tilbury, Alex |e author |9 558537 | |
| 245 | 1 | 0 | |a English unlimited. |b Elementary Coursebook with e-Portfolio A2 |
| 260 | |a Cambridge, United Kingdom: |b Cambridge University Press, |c 2010. | ||
| 300 | |a 160 páginas + |e DVD con material complementario | ||
| 500 | |a c.345-c.347. Donación Programa de Ingles. Memo DER 033. 12/09/2022 Incluye DVD con material complementario | ||
| 583 | |a last modification |c 20191016 11:19:51 |k Rodrigo Vera | ||
| 650 | 0 | |a Educación lingüística |9 306506 | |
| 650 | 0 | |a Enseñanza del inglés |9 367340 | |
| 650 | 0 | |a Métodos de enseñanza |9 270413 |x Inglés | |
| 700 | 0 | |a Clementson, Theresa |e author |9 558538 | |
| 700 | 0 | |a Hendra, Leslie Anne |e author |9 558539 | |
| 700 | 0 | |a Rea, David |e author |9 558540 | |
| 852 | |a BIBCUR | ||
| 856 | |u http://bibliografiadigital.pucv.cl.pucv.idm.oclc.org/index.php/bibliotecapucv/catalog/book/151 |y Disponible Online | ||
| 942 | |c BK |2 ddc | ||
| 945 | |d 20111111 00:00:00 |a dcastane | ||
| 952 | |0 0 |1 0 |2 ddc |4 0 |6 428_000000000000000_TIL_2010 |7 0 |8 A |9 444912 |a BIBING |b BIBING |c RES |d 2019-11-22 |i 4796705 |o 428 TIL 2010 |p 4796705 |r 2023-03-06 |w 2019-11-22 |y BK |k ILI | ||
| 952 | |0 0 |1 0 |2 ddc |4 0 |6 428_000000000000000_TIL_2010 |7 0 |8 A |9 444919 |a BIBING |b BIBING |c RES |d 2019-11-22 |i 4796772 |l 7 |o 428 TIL 2010 |p 4796772 |r 2025-01-20 |s 2023-10-19 |w 2019-11-22 |y BK |k ILI | ||
| 952 | |0 0 |1 0 |2 ddc |4 0 |6 428_000000000000000_TIL_2010 |7 0 |8 A |9 444920 |a BIBING |b BIBING |c RES |d 2019-11-22 |i 4796780 |l 7 |o 428 TIL 2010 |p 4796780 |r 2025-01-20 |s 2023-11-20 |w 2019-11-22 |y BK |k ILI | ||
| 952 | |0 0 |1 0 |2 ddc |4 0 |6 428_000000000000000_TIL_2010 |7 0 |8 A |9 444922 |a BIBING |b BIBING |c RES |d 2019-11-22 |i 4796802 |l 1 |o 428 TIL 2010 |p 4796802 |q 2020-08-27 |r 2020-07-27 |s 2020-07-27 |w 2019-11-22 |y BK |k ILI | ||
| 952 | |0 0 |1 0 |2 ddc |4 0 |6 428_000000000000000_TIL_2010 |7 0 |8 A |9 444923 |a BIBING |b BIBING |c RES |d 2019-11-22 |i 4796810 |o 428 TIL 2010 |p 4796810 |r 2023-03-06 |w 2019-11-22 |y BK |k ILI | ||
| 952 | |0 0 |1 0 |2 ddc |4 0 |6 428_000000000000000_TIL_2010 |7 0 |8 A |9 444924 |a BIBING |b BIBING |c RES |d 2019-11-22 |i 4796829 |o 428 TIL 2010 |p 4796829 |r 2023-03-06 |w 2019-11-22 |y BK |k ILI | ||
| 952 | |0 0 |1 0 |2 ddc |4 0 |6 428_000000000000000_TIL_2010 |7 0 |8 A |9 444927 |a BIBEDU |b BIBEDU |c GEN |d 2019-11-22 |i 4797957 |l 2 |m 1 |o 428 TIL 2010 |p 4797957 |r 2023-12-20 |s 2023-12-15 |w 2019-11-22 |y BK |k ILE | ||
| 952 | |0 0 |1 0 |2 ddc |4 0 |6 428_000000000000000_TIL_2010 |7 0 |8 A |9 444928 |a BIBEDU |b BIBEDU |c GEN |d 2019-11-22 |i 4797965 |o 428 TIL 2010 |p 4797965 |r 2019-11-22 |w 2019-11-22 |y BK |k ILE | ||
| 952 | |0 0 |1 0 |2 ddc |4 0 |6 428_000000000000000_TIL_2010 |7 0 |8 A |9 444929 |a BIBEDU |b BIBEDU |c GEN |d 2019-11-22 |i 4797973 |l 3 |m 2 |o 428 TIL 2010 |p 4797973 |r 2023-10-05 |s 2023-10-05 |w 2019-11-22 |y BK |k ILE | ||
| 952 | |0 0 |1 0 |2 ddc |4 0 |6 428_000000000000000_TIL_2010 |7 0 |8 A |9 444930 |a BIBEDU |b BIBEDU |c GEN |d 2019-11-22 |i 4797981 |o 428 TIL 2010 |p 4797981 |r 2019-11-22 |w 2019-11-22 |y BK |k ILE | ||
| 952 | |0 0 |1 0 |2 ddc |4 0 |6 428_000000000000000_TIL_2010 |7 0 |8 A |9 444932 |a BIBEDU |b BIBEDU |c GEN |d 2019-11-22 |i 4798007 |o 428 TIL 2010 |p 4798007 |r 2019-11-22 |w 2019-11-22 |y BK |k ILE | ||
| 952 | |0 0 |1 0 |2 ddc |4 0 |6 428_000000000000000_TIL_2010 |7 0 |8 A |9 444933 |a BIBEDU |b BIBEDU |c GEN |d 2019-11-22 |i 4798015 |o 428 TIL 2010 |p 4798015 |r 2019-11-22 |w 2019-11-22 |y BK |k ILE | ||
| 952 | |0 0 |1 0 |2 ddc |4 0 |6 428_000000000000000_TIL_2010 |7 0 |8 A |9 444934 |a BIBEDU |b BIBEDU |c GEN |d 2019-11-22 |i 4798023 |l 2 |o 428 TIL 2010 |p 4798023 |r 2023-10-05 |s 2023-10-05 |w 2019-11-22 |y BK |k ILE | ||
| 952 | |0 0 |1 0 |2 ddc |4 0 |6 428_000000000000000_TIL_2010 |7 0 |8 A |9 444935 |a BIBEDU |b BIBEDU |c GEN |d 2019-11-22 |i 4798031 |o 428 TIL 2010 |p 4798031 |r 2019-11-22 |w 2019-11-22 |y BK |k ILE | ||
| 952 | |0 0 |1 0 |2 ddc |4 0 |6 428_000000000000000_TIL_2010 |7 0 |8 A |9 444936 |a BIBEDU |b BIBEDU |c GEN |d 2019-11-22 |i 479804K |o 428 TIL 2010 |p 479804K |r 2019-11-22 |w 2019-11-22 |y BK |k ILE | ||
| 952 | |0 0 |1 0 |2 ddc |4 0 |6 428_000000000000000_TIL_2010 |7 0 |8 A |9 444937 |a BIBEDU |b BIBEDU |c GEN |d 2019-11-22 |i 4798058 |o 428 TIL 2010 |p 4798058 |r 2019-11-22 |w 2019-11-22 |y BK |k ILE | ||
| 952 | |0 0 |1 0 |2 ddc |4 0 |6 428_000000000000000_TIL_2010 |7 0 |8 A |9 444938 |a BIBEDU |b BIBEDU |c GEN |d 2019-11-22 |i 4798066 |o 428 TIL 2010 |p 4798066 |r 2019-11-22 |w 2019-11-22 |y BK |k ILE | ||
| 952 | |0 0 |1 0 |2 ddc |4 0 |6 428_000000000000000_TIL_2010 |7 0 |8 A |9 444939 |a BIBEDU |b BIBEDU |c GEN |d 2019-11-22 |i 4798074 |o 428 TIL 2010 |p 4798074 |r 2019-11-22 |w 2019-11-22 |y BK |k ILE | ||
| 952 | |0 0 |1 0 |2 ddc |4 0 |6 428_000000000000000_TIL_2010 |7 0 |8 A |9 444940 |a BIBEDU |b BIBEDU |c GEN |d 2019-11-22 |i 4798082 |o 428 TIL 2010 |p 4798082 |r 2019-11-22 |w 2019-11-22 |y BK |k ILE | ||
| 952 | |0 0 |1 0 |2 ddc |4 0 |6 428_000000000000000_TIL_2010 |7 0 |8 A |9 444941 |a BIBEDU |b BIBEDU |c GEN |d 2019-11-22 |i 4798090 |o 428 TIL 2010 |p 4798090 |r 2019-11-22 |w 2019-11-22 |y BK |k ILE | ||
| 952 | |0 0 |1 0 |4 0 |6 428_000000000000000_TIL_2010 |7 0 |8 ? |9 444942 |a FDOILP |b FDOILP |d 2019-11-22 |i 4798694 |o 428 TIL 2010 |p 4798694 |r 2019-11-22 |w 2019-11-22 |y BK |k ILP | ||
| 952 | |0 0 |1 0 |4 0 |6 428_000000000000000_TIL_2010 |7 0 |8 ? |9 444943 |a FDOILP |b FDOILP |d 2019-11-22 |i 4798724 |o 428 TIL 2010 |p 4798724 |r 2019-11-22 |w 2019-11-22 |y BK |k ILP | ||
| 952 | |0 0 |1 0 |4 0 |6 428_000000000000000_TIL_2010 |7 0 |8 ? |9 444944 |a FDOILP |b FDOILP |d 2019-11-22 |i 4798732 |o 428 TIL 2010 |p 4798732 |r 2019-11-22 |w 2019-11-22 |y BK |k ILP | ||
| 952 | |0 0 |1 0 |4 0 |6 428_000000000000000_TIL_2010 |7 0 |8 ? |9 444945 |a FDOILP |b FDOILP |d 2019-11-22 |i 4798740 |o 428 TIL 2010 |p 4798740 |r 2019-11-22 |w 2019-11-22 |y BK |k ILP | ||
| 952 | |0 0 |1 0 |4 0 |6 428_000000000000000_TIL_2010 |7 0 |8 ? |9 444946 |a FDOILP |b FDOILP |d 2019-11-22 |i 4798759 |o 428 TIL 2010 |p 4798759 |r 2019-11-22 |w 2019-11-22 |y BK |k ILP | ||
| 952 | |0 0 |1 0 |4 0 |6 428_000000000000000_TIL_2010 |7 0 |8 ? |9 444947 |a FDOILP |b FDOILP |d 2019-11-22 |i 4798767 |o 428 TIL 2010 |p 4798767 |r 2019-11-22 |w 2019-11-22 |y BK |k ILP | ||
| 952 | |0 0 |1 0 |4 0 |6 428_000000000000000_TIL_2010 |7 0 |8 ? |9 444948 |a FDOILP |b FDOILP |d 2019-11-22 |i 4798791 |o 428 TIL 2010 |p 4798791 |r 2019-11-22 |w 2019-11-22 |y BK |k ILP | ||
| 952 | |0 0 |1 0 |4 0 |6 428_000000000000000_TIL_2010 |7 0 |8 ? |9 444949 |a FDOILP |b FDOILP |d 2019-11-22 |i 4798813 |o 428 TIL 2010 |p 4798813 |r 2019-11-22 |w 2019-11-22 |y BK |k ILP | ||
| 952 | |0 0 |1 0 |4 0 |6 428_000000000000000_TIL_2010 |7 0 |8 ? |9 444950 |a FDOILP |b FDOILP |d 2019-11-22 |i 4798821 |o 428 TIL 2010 |p 4798821 |r 2019-11-22 |w 2019-11-22 |y BK |k ILP | ||
| 952 | |0 0 |1 0 |4 0 |6 428_000000000000000_TIL_2010 |7 0 |8 A |9 444951 |a BIBCUR |b BIBCUR |d 2019-11-22 |i 4798708 |o 428 TIL 2010 |p 4798708 |r 2025-04-22 |w 2019-11-22 |y BK |k ILC | ||
| 952 | |0 0 |1 0 |4 0 |6 428_000000000000000_TIL_2010 |7 0 |8 A |9 444953 |a BIBCUR |b BIBCUR |d 2019-11-22 |i 4798805 |l 1 |o 428 TIL 2010 |p 4798805 |r 2025-04-22 |s 2025-04-02 |w 2019-11-22 |y BK |k ILC | ||
| 952 | |0 0 |1 0 |4 0 |6 428_000000000000000_TIL_2010 |7 0 |8 A |9 444954 |a BIBAGR |b BIBAGR |d 2019-11-22 |i 4906608 |l 4 |m 1 |o 428 TIL 2010 |p 4906608 |r 2025-01-20 |s 2022-05-09 |w 2019-11-22 |y BK |k ILA | ||
| 952 | |0 0 |1 0 |4 0 |6 428_000000000000000_TIL_2010 |7 0 |8 A |9 444955 |a BIBAGR |b BIBAGR |d 2019-11-22 |i 4906616 |o 428 TIL 2010 |p 4906616 |r 2025-01-20 |w 2019-11-22 |y BK |k ILA | ||
| 952 | |0 0 |1 0 |4 0 |6 428_000000000000000_TIL_2010 |7 0 |8 A |9 444956 |a BIBAGR |b BIBAGR |d 2019-11-22 |i 4906624 |o 428 TIL 2010 |p 4906624 |r 2025-01-20 |w 2019-11-22 |y BK |k ILA | ||
| 952 | |0 0 |1 0 |4 0 |6 428_000000000000000_TIL_2010 |7 0 |8 A |9 444957 |a BIBAGR |b BIBAGR |d 2019-11-22 |i 4906632 |o 428 TIL 2010 |p 4906632 |r 2025-01-20 |w 2019-11-22 |y BK |k ILA | ||
| 952 | |0 0 |1 0 |4 0 |6 428_000000000000000_TIL_2010 |7 0 |8 A |9 444958 |a BIBAGR |b BIBAGR |d 2019-11-22 |i 4906640 |o 428 TIL 2010 |p 4906640 |r 2025-01-20 |w 2019-11-22 |y BK |k ILA | ||
| 952 | |0 0 |1 0 |4 0 |6 428_000000000000000_TIL_2010 |7 0 |8 A |9 444959 |a BIBAGR |b BIBAGR |d 2019-11-22 |i 4906659 |o 428 TIL 2010 |p 4906659 |r 2025-01-20 |w 2019-11-22 |y BK |k ILA | ||
| 952 | |0 0 |1 0 |4 0 |6 428_000000000000000_TIL_2010 |7 0 |8 A |9 444960 |a BIBAGR |b BIBAGR |d 2019-11-22 |i 4906667 |o 428 TIL 2010 |p 4906667 |r 2025-01-20 |w 2019-11-22 |y BK |k ILA | ||
| 952 | |0 0 |1 0 |4 0 |6 428_000000000000000_TIL_2010 |7 0 |8 A |9 444961 |a BIBAGR |b BIBAGR |d 2019-11-22 |i 4906675 |o 428 TIL 2010 |p 4906675 |r 2025-01-20 |w 2019-11-22 |y BK |k ILA | ||
| 952 | |0 0 |1 0 |4 0 |6 428_000000000000000_TIL_2010 |7 0 |8 A |9 444962 |a BIBAGR |b BIBAGR |d 2019-11-22 |i 4906683 |l 1 |o 428 TIL 2010 |p 4906683 |r 2025-01-20 |s 2022-03-16 |w 2019-11-22 |y BK |k ILA | ||
| 952 | |0 0 |1 0 |4 0 |6 428_000000000000000_TIL_2010 |7 0 |8 A |9 444963 |a BIBAGR |b BIBAGR |d 2019-11-22 |i 4906691 |o 428 TIL 2010 |p 4906691 |r 2025-01-20 |w 2019-11-22 |y BK |k ILA | ||
| 952 | |0 0 |1 1 |2 ddc |4 0 |6 428_000000000000000_TIL_2010 |7 0 |8 A |9 444965 |a BIBAGR |b BIBAGR |d 2019-11-22 |i 4906713 |l 2 |o 428 TIL 2010 |p 4906713 |r 2023-04-06 |s 2020-07-27 |w 2019-11-22 |y BK |k ILA | ||
| 952 | |0 0 |1 0 |4 0 |6 428_000000000000000_TIL_2010 |7 0 |8 A |9 444966 |a BIBAGR |b BIBAGR |d 2019-11-22 |i 4906721 |l 7 |o 428 TIL 2010 |p 4906721 |r 2025-01-20 |s 2022-04-18 |w 2019-11-22 |y BK |k ILA | ||
| 952 | |0 0 |1 0 |4 0 |6 428_000000000000000_TIL_2010 |7 0 |8 A |9 444967 |a BIBAGR |b BIBAGR |d 2019-11-22 |i 490673K |o 428 TIL 2010 |p 490673K |r 2025-01-20 |w 2019-11-22 |y BK |k ILA | ||
| 952 | |0 0 |1 0 |4 0 |6 428_000000000000000_TIL_2010 |7 0 |8 A |9 444968 |a BIBAGR |b BIBAGR |d 2019-11-22 |i 4906748 |o 428 TIL 2010 |p 4906748 |r 2025-01-20 |w 2019-11-22 |y BK |k ILA | ||
| 952 | |0 0 |1 0 |4 0 |6 428_000000000000000_TIL_2010 |7 0 |8 A |9 444969 |a BIBAGR |b BIBAGR |d 2019-11-22 |i 4906756 |o 428 TIL 2010 |p 4906756 |r 2025-01-20 |w 2019-11-22 |y BK |k ILA | ||
| 952 | |0 0 |1 0 |4 0 |6 428_000000000000000_TIL_2010 |7 0 |8 A |9 444970 |a BIBAGR |b BIBAGR |d 2019-11-22 |i 4906764 |o 428 TIL 2010 |p 4906764 |r 2025-01-20 |w 2019-11-22 |y BK |k ILA | ||
| 952 | |0 0 |1 0 |4 0 |6 428_000000000000000_TIL_2010 |7 0 |8 A |9 444971 |a BIBAGR |b BIBAGR |d 2019-11-22 |i 4906772 |o 428 TIL 2010 |p 4906772 |r 2025-01-20 |w 2019-11-22 |y BK |k ILA | ||
| 952 | |0 0 |1 0 |4 0 |6 428_000000000000000_TIL_2010 |7 0 |8 A |9 444972 |a BIBAGR |b BIBAGR |d 2019-11-22 |i 4906780 |o 428 TIL 2010 |p 4906780 |r 2025-01-20 |w 2019-11-22 |y BK |k ILA | ||
| 952 | |0 0 |1 0 |4 0 |6 428_000000000000000_TIL_2010 |7 0 |8 A |9 444973 |a BIBAGR |b BIBAGR |d 2019-11-22 |i 4906799 |o 428 TIL 2010 |p 4906799 |r 2025-01-20 |w 2019-11-22 |y BK |k ILA | ||
| 952 | |0 0 |1 0 |4 0 |6 428_000000000000000_TIL_2010 |7 0 |8 A |9 444974 |a BIBAGR |b BIBAGR |d 2019-11-22 |i 4906802 |o 428 TIL 2010 |p 4906802 |r 2025-01-20 |w 2019-11-22 |y BK |k ILA | ||
| 952 | |0 0 |1 0 |4 0 |6 428_000000000000000_TIL_2010 |7 0 |8 A |9 444975 |a BIBAGR |b BIBAGR |d 2019-11-22 |i 4906810 |o 428 TIL 2010 |p 4906810 |r 2025-01-20 |w 2019-11-22 |y BK |k ILA | ||
| 952 | |0 0 |1 0 |4 0 |6 428_000000000000000_TIL_2010 |7 0 |8 A |9 444976 |a BIBAGR |b BIBAGR |d 2019-11-22 |i 4906829 |o 428 TIL 2010 |p 4906829 |r 2025-01-20 |w 2019-11-22 |y BK |k ILA | ||
| 952 | |0 0 |1 0 |4 0 |6 428_000000000000000_TIL_2010 |7 0 |8 A |9 444977 |a BIBAGR |b BIBAGR |d 2019-11-22 |i 4906837 |o 428 TIL 2010 |p 4906837 |r 2025-01-20 |w 2019-11-22 |y BK |k ILA | ||
| 952 | |0 0 |1 0 |4 0 |6 428_000000000000000_TIL_2010 |7 0 |8 A |9 444978 |a BIBAGR |b BIBAGR |d 2019-11-22 |i 4906845 |o 428 TIL 2010 |p 4906845 |r 2025-01-20 |w 2019-11-22 |y BK |k ILA | ||
| 952 | |0 0 |1 0 |4 0 |6 428_000000000000000_TIL_2010 |7 0 |8 A |9 444979 |a BIBGIM |b BIBGIM |d 2019-11-22 |i 4907353 |l 4 |o 428 TIL 2010 |p 4907353 |r 2025-01-15 |s 2023-04-19 |w 2019-11-22 |y BK |k ILG | ||
| 952 | |0 0 |1 0 |2 ddc |4 0 |6 428_000000000000000_TIL_2010 |7 0 |8 A |9 444980 |a BIBENE |b BIBENE |d 2019-11-22 |i 4907361 |o 428 TIL 2010 |p 4907361 |r 2025-01-15 |w 2019-11-22 |y BK |k ILG | ||
| 952 | |0 0 |1 0 |2 ddc |4 0 |6 428_000000000000000_TIL_2010 |7 0 |8 A |9 444981 |a BIBENE |b BIBENE |d 2019-11-22 |i 490737K |o 428 TIL 2010 |p 490737K |r 2025-01-15 |w 2019-11-22 |y BK |k ILG | ||
| 952 | |0 0 |1 0 |4 0 |6 428_000000000000000_TIL_2010 |7 0 |8 A |9 444982 |a BIBGIM |b BIBGIM |d 2019-11-22 |i 4907388 |l 2 |o 428 TIL 2010 |p 4907388 |r 2025-01-15 |s 2022-03-21 |w 2019-11-22 |y BK |k ILG | ||
| 952 | |0 0 |1 0 |2 ddc |4 0 |6 428_000000000000000_TIL_2010 |7 0 |8 A |9 444983 |a BIBENE |b BIBENE |d 2019-11-22 |i 4907396 |o 428 TIL 2010 |p 4907396 |r 2025-01-15 |w 2019-11-22 |y BK |k ILG | ||
| 952 | |0 0 |1 0 |2 ddc |4 0 |6 428_000000000000000_TIL_2010 |7 0 |8 A |9 444984 |a BIBENE |b BIBENE |d 2019-11-22 |i 490740K |o 428 TIL 2010 |p 490740K |r 2025-01-15 |w 2019-11-22 |y BK |k ILG | ||
| 952 | |0 0 |1 0 |2 ddc |4 0 |6 428_000000000000000_TIL_2010 |7 0 |8 A |9 444985 |a BIBENE |b BIBENE |d 2019-11-22 |i 4907418 |o 428 TIL 2010 |p 4907418 |r 2025-01-15 |w 2019-11-22 |y BK |k ILG | ||
| 952 | |0 0 |1 0 |2 ddc |4 0 |6 428_000000000000000_TIL_2010 |7 0 |8 A |9 444986 |a BIBENE |b BIBENE |d 2019-11-22 |i 4907426 |o 428 TIL 2010 |p 4907426 |r 2025-01-15 |w 2019-11-22 |y BK |k ILG | ||
| 952 | |0 0 |1 0 |2 ddc |4 0 |6 428_000000000000000_TIL_2010 |7 0 |8 A |9 444987 |a BIBENE |b BIBENE |d 2019-11-22 |i 4907434 |o 428 TIL 2010 |p 4907434 |r 2025-01-15 |w 2019-11-22 |y BK |k ILG | ||
| 952 | |0 0 |1 0 |2 ddc |4 0 |6 428_000000000000000_TIL_2010 |7 0 |8 A |9 444988 |a BIBENE |b BIBENE |d 2019-11-22 |i 4907442 |o 428 TIL 2010 |p 4907442 |r 2025-01-15 |w 2019-11-22 |y BK |k ILG | ||
| 952 | |0 0 |1 0 |2 ddc |4 0 |6 428_000000000000000_TIL_2010 |7 0 |8 A |9 444989 |a BIBENE |b BIBENE |d 2019-11-22 |i 4907450 |o 428 TIL 2010 |p 4907450 |r 2025-01-15 |w 2019-11-22 |y BK |k ILG | ||
| 952 | |0 0 |1 0 |2 ddc |4 0 |6 428_000000000000000_TIL_2010 |7 0 |8 A |9 444990 |a BIBENE |b BIBENE |d 2019-11-22 |i 4907469 |o 428 TIL 2010 |p 4907469 |r 2025-01-15 |w 2019-11-22 |y BK |k ILG | ||
| 952 | |0 0 |1 0 |2 ddc |4 0 |6 428_000000000000000_TIL_2010 |7 0 |8 A |9 444991 |a BIBENE |b BIBENE |d 2019-11-22 |i 4907477 |o 428 TIL 2010 |p 4907477 |r 2025-01-15 |w 2019-11-22 |y BK |k ILG | ||
| 952 | |0 0 |1 0 |2 ddc |4 0 |6 428_000000000000000_TIL_2010 |7 0 |8 A |9 444992 |a BIBENE |b BIBENE |d 2019-11-22 |i 4907485 |o 428 TIL 2010 |p 4907485 |r 2025-01-15 |w 2019-11-22 |y BK |k ILG | ||
| 952 | |0 0 |1 0 |4 0 |6 428_000000000000000_TIL_2010 |7 0 |8 A |9 444993 |a BIBENE |b BIBENE |d 2019-11-22 |i 4907493 |l 1 |o 428 TIL 2010 |p 4907493 |r 2025-01-15 |s 2022-05-03 |w 2019-11-22 |y BK |k ILG | ||
| 952 | |0 0 |1 0 |4 0 |6 428_000000000000000_TIL_2010 |7 0 |8 A |9 444994 |a BIBGIM |b BIBGIM |d 2019-11-22 |i 4907507 |l 4 |m 1 |o 428 TIL 2010 |p 4907507 |r 2025-01-15 |s 2023-04-03 |w 2019-11-22 |y BK |k ILG | ||
| 952 | |0 0 |1 0 |2 ddc |4 0 |6 428_000000000000000_TIL_2010 |7 0 |8 A |9 444995 |a BIBENE |b BIBENE |d 2019-11-22 |i 4907515 |o 428 TIL 2010 |p 4907515 |r 2025-01-15 |w 2019-11-22 |y BK |k ILG | ||
| 952 | |0 0 |1 0 |2 ddc |4 0 |6 428_000000000000000_TIL_2010 |7 0 |8 A |9 444996 |a BIBENE |b BIBENE |d 2019-11-22 |i 4907523 |o 428 TIL 2010 |p 4907523 |r 2025-01-15 |w 2019-11-22 |y BK |k ILG | ||
| 952 | |0 0 |1 0 |2 ddc |4 0 |6 428_000000000000000_TIL_2010 |7 0 |8 A |9 444997 |a BIBENE |b BIBENE |d 2019-11-22 |i 4907531 |o 428 TIL 2010 |p 4907531 |r 2025-01-15 |w 2019-11-22 |y BK |k ILG | ||
| 952 | |0 0 |1 0 |2 ddc |4 0 |6 428_000000000000000_TIL_2010 |7 0 |8 A |9 444998 |a BIBENE |b BIBENE |d 2019-11-22 |i 490754K |o 428 TIL 2010 |p 490754K |r 2025-01-15 |w 2019-11-22 |y BK |k ILG | ||
| 952 | |0 0 |1 0 |2 ddc |4 0 |6 428_000000000000000_TIL_2010 |7 0 |8 A |9 444999 |a BIBENE |b BIBENE |d 2019-11-22 |i 4907558 |o 428 TIL 2010 |p 4907558 |r 2025-01-15 |w 2019-11-22 |y BK |k ILG | ||
| 952 | |0 0 |1 0 |2 ddc |4 0 |6 428_000000000000000_TIL_2010 |7 0 |8 A |9 445000 |a BIBENE |b BIBENE |d 2019-11-22 |i 4907566 |o 428 TIL 2010 |p 4907566 |r 2025-01-15 |w 2019-11-22 |y BK |k ILG | ||
| 952 | |0 0 |1 0 |2 ddc |4 0 |6 428_000000000000000_TIL_2010 |7 0 |8 A |9 445001 |a BIBENE |b BIBENE |d 2019-11-22 |i 4907574 |o 428 TIL 2010 |p 4907574 |r 2025-01-15 |w 2019-11-22 |y BK |k ILG | ||
| 952 | |0 0 |1 0 |4 0 |6 428_000000000000000_TIL_2010 |7 0 |8 A |9 445002 |a BIBGIM |b BIBGIM |d 2019-11-22 |i 4907582 |l 15 |m 2 |o 428 TIL 2010 |p 4907582 |r 2025-01-15 |s 2022-12-07 |w 2019-11-22 |y BK |k ILG | ||
| 952 | |0 0 |1 0 |2 ddc |4 0 |6 428_000000000000000_TIL_2010 |7 0 |8 A |9 445003 |a BIBENE |b BIBENE |d 2019-11-22 |i 4907590 |o 428 TIL 2010 |p 4907590 |r 2025-01-15 |w 2019-11-22 |y BK |k ILG | ||
| 952 | |0 0 |1 0 |4 0 |6 428_000000000000000_TIL_2010 |7 0 |8 A |9 445004 |a BIBCUR |b BIBCUR |d 2019-11-22 |i 4908902 |l 4 |o 428 TIL 2010 |p 4908902 |r 2025-04-22 |s 2022-03-28 |w 2019-11-22 |y BK |k ILC | ||
| 952 | |0 0 |1 0 |4 0 |6 428_000000000000000_TIL_2010 |7 0 |8 A |9 445005 |a BIBCUR |b BIBCUR |d 2019-11-22 |i 4908910 |l 2 |o 428 TIL 2010 |p 4908910 |r 2025-04-22 |s 2022-04-18 |w 2019-11-22 |y BK |k ILC | ||
| 952 | |0 0 |1 0 |4 0 |6 428_000000000000000_TIL_2010 |7 0 |8 A |9 445007 |a BIBCUR |b BIBCUR |d 2019-11-22 |i 4908937 |l 7 |o 428 TIL 2010 |p 4908937 |r 2025-04-22 |s 2022-04-18 |w 2019-11-22 |y BK |k ILC | ||
| 952 | |0 0 |1 0 |4 0 |6 428_000000000000000_TIL_2010 |7 0 |8 A |9 445008 |a BIBCUR |b BIBCUR |d 2019-11-22 |i 4908945 |l 2 |o 428 TIL 2010 |p 4908945 |r 2025-04-22 |s 2022-04-13 |w 2019-11-22 |y BK |k ILC | ||
| 952 | |0 0 |1 0 |4 0 |6 428_000000000000000_TIL_2010 |7 0 |8 A |9 445010 |a BIBCUR |b BIBCUR |d 2019-11-22 |i 4908961 |l 3 |o 428 TIL 2010 |p 4908961 |r 2025-04-22 |s 2022-04-12 |w 2019-11-22 |y BK |k ILC | ||
| 952 | |0 0 |1 0 |4 0 |6 428_000000000000000_TIL_2010 |7 0 |8 A |9 445011 |a BIBCUR |b BIBCUR |d 2019-11-22 |i 490897K |l 6 |o 428 TIL 2010 |p 490897K |r 2025-04-22 |s 2022-05-06 |w 2019-11-22 |y BK |k ILC | ||
| 952 | |0 0 |1 0 |4 0 |6 428_000000000000000_TIL_2010 |7 0 |8 A |9 445012 |a BIBCUR |b BIBCUR |d 2019-11-22 |i 4908988 |l 2 |o 428 TIL 2010 |p 4908988 |r 2025-04-22 |s 2022-03-22 |w 2019-11-22 |y BK |k ILC | ||
| 952 | |0 0 |1 0 |4 0 |6 428_000000000000000_TIL_2010 |7 0 |8 A |9 445013 |a BIBCUR |b BIBCUR |d 2019-11-22 |i 4908996 |l 4 |o 428 TIL 2010 |p 4908996 |r 2025-04-22 |s 2023-05-05 |w 2019-11-22 |y BK |k ILC | ||
| 952 | |0 0 |1 0 |4 0 |6 428_000000000000000_TIL_2010 |7 0 |8 A |9 445014 |a BIBCUR |b BIBCUR |d 2019-11-22 |i 4909003 |l 5 |o 428 TIL 2010 |p 4909003 |r 2025-04-22 |s 2022-08-11 |w 2019-11-22 |y BK |k ILC | ||
| 952 | |0 0 |1 0 |4 0 |6 428_000000000000000_TIL_2010 |7 0 |8 A |9 445015 |a BIBCUR |b BIBCUR |d 2019-11-22 |i 4909011 |o 428 TIL 2010 |p 4909011 |r 2025-04-22 |w 2019-11-22 |y BK |k ILC | ||
| 952 | |0 0 |1 0 |4 0 |6 428_000000000000000_TIL_2010 |7 0 |8 A |9 445016 |a BIBCUR |b BIBCUR |d 2019-11-22 |i 490902K |o 428 TIL 2010 |p 490902K |r 2025-04-22 |w 2019-11-22 |y BK |k ILC | ||
| 952 | |0 0 |1 0 |4 0 |6 428_000000000000000_TIL_2010 |7 0 |8 A |9 445017 |a BIBCUR |b BIBCUR |d 2019-11-22 |i 4909038 |l 3 |o 428 TIL 2010 |p 4909038 |r 2025-04-22 |s 2022-04-19 |w 2019-11-22 |y BK |k ILC | ||
| 952 | |0 0 |1 0 |4 0 |6 428_000000000000000_TIL_2010 |7 0 |8 A |9 445018 |a BIBCUR |b BIBCUR |d 2019-11-22 |i 4909046 |o 428 TIL 2010 |p 4909046 |r 2025-04-22 |w 2019-11-22 |y BK |k ILC | ||
| 952 | |0 0 |1 0 |4 0 |6 428_000000000000000_TIL_2010 |7 0 |8 A |9 445019 |a BIBCUR |b BIBCUR |d 2019-11-22 |i 4909054 |l 2 |m 2 |o 428 TIL 2010 |p 4909054 |r 2025-04-22 |s 2023-04-04 |w 2019-11-22 |y BK |k ILC | ||
| 952 | |0 0 |1 0 |4 0 |6 428_000000000000000_TIL_2010 |7 0 |8 A |9 445020 |a BIBCUR |b BIBCUR |d 2019-11-22 |i 4909062 |l 1 |o 428 TIL 2010 |p 4909062 |r 2025-04-22 |s 2022-03-09 |w 2019-11-22 |y BK |k ILC | ||
| 952 | |0 0 |1 0 |4 0 |6 428_000000000000000_TIL_2010 |7 0 |8 A |9 445021 |a BIBCUR |b BIBCUR |d 2019-11-22 |i 4909070 |l 2 |m 4 |o 428 TIL 2010 |p 4909070 |r 2025-04-22 |s 2023-08-28 |w 2019-11-22 |y BK |k ILC | ||
| 952 | |0 0 |1 0 |4 0 |6 428_000000000000000_TIL_2010 |7 0 |8 A |9 445022 |a BIBCUR |b BIBCUR |d 2019-11-22 |i 4909089 |o 428 TIL 2010 |p 4909089 |r 2025-04-22 |w 2019-11-22 |y BK |k ILC | ||
| 952 | |0 0 |1 0 |4 0 |6 428_000000000000000_TIL_2010 |7 0 |8 A |9 445023 |a BIBCUR |b BIBCUR |d 2019-11-22 |i 4909097 |l 2 |m 1 |o 428 TIL 2010 |p 4909097 |r 2025-04-22 |s 2022-11-16 |w 2019-11-22 |y BK |k ILC | ||
| 952 | |0 0 |1 0 |4 0 |6 428_000000000000000_TIL_2010 |7 0 |8 A |9 445024 |a BIBALI |b BIBALI |c RES |d 2019-11-22 |i 4908058 |o 428 TIL 2010 |p 4908058 |r 2025-01-20 |w 2019-11-22 |y BK_R |k ALI | ||
| 952 | |0 0 |1 0 |4 0 |6 428_000000000000000_TIL_2010 |7 0 |8 A |9 445025 |a BIBALI |b BIBALI |c RES |d 2019-11-22 |i 4908066 |o 428 TIL 2010 |p 4908066 |r 2025-01-20 |w 2019-11-22 |y BK_R |k ALI | ||
| 952 | |0 0 |1 0 |4 0 |6 428_000000000000000_TIL_2010 |7 0 |8 A |9 445026 |a BIBALI |b BIBALI |c RES |d 2019-11-22 |i 4908074 |o 428 TIL 2010 |p 4908074 |r 2025-01-20 |w 2019-11-22 |y BK_R |k ALI | ||
| 952 | |0 0 |1 0 |4 0 |6 428_000000000000000_TIL_2010 |7 0 |8 A |9 445027 |a BIBALI |b BIBALI |c RES |d 2019-11-22 |i 4908082 |o 428 TIL 2010 |p 4908082 |r 2025-01-20 |w 2019-11-22 |y BK_R |k ALI | ||
| 952 | |0 0 |1 0 |2 ddc |4 0 |6 428_000000000000000_TIL_2010 |7 0 |8 A |9 445028 |a BIBCUR |b BIBCUR |d 2019-11-22 |i 4908090 |l 10 |m 3 |o 428 TIL 2010 |p 4908090 |r 2025-04-22 |s 2025-03-07 |w 2019-11-22 |y BK |k ILR | ||
| 952 | |0 0 |1 0 |4 0 |6 428_000000000000000_TIL_2010 |7 0 |8 A |9 445029 |a BIBALI |b BIBALI |c RES |d 2019-11-22 |i 4908104 |o 428 TIL 2010 |p 4908104 |r 2025-01-20 |w 2019-11-22 |y BK_R |k ALI | ||
| 952 | |0 0 |1 0 |4 0 |6 428_000000000000000_TIL_2010 |7 0 |8 A |9 445030 |a BIBALI |b BIBALI |c RES |d 2019-11-22 |i 4908112 |o 428 TIL 2010 |p 4908112 |r 2025-01-20 |w 2019-11-22 |y BK_R |k ALI | ||
| 952 | |0 0 |1 0 |4 0 |6 428_000000000000000_TIL_2010 |7 0 |8 A |9 445031 |a BIBALI |b BIBALI |c RES |d 2019-11-22 |i 4908120 |o 428 TIL 2010 |p 4908120 |r 2025-01-20 |w 2019-11-22 |y BK_R |k ALI | ||
| 952 | |0 0 |1 0 |4 0 |6 428_000000000000000_TIL_2010 |7 0 |8 A |9 445033 |a BIBALI |b BIBALI |c RES |d 2019-11-22 |i 4908147 |l 1 |o 428 TIL 2010 |p 4908147 |r 2025-01-20 |s 2020-03-04 |w 2019-11-22 |y BK_R |k ALI | ||
| 952 | |0 0 |1 0 |4 0 |6 428_000000000000000_TIL_2010 |7 0 |8 A |9 445034 |a BIBALI |b BIBALI |c RES |d 2019-11-22 |i 4908155 |l 1 |o 428 TIL 2010 |p 4908155 |r 2025-01-20 |s 2023-06-20 |w 2019-11-22 |y BK_R |k ALI | ||
| 952 | |0 0 |1 0 |4 0 |6 428_000000000000000_TIL_2010 |7 0 |8 A |9 445035 |a BIBALI |b BIBALI |c RES |d 2019-11-22 |i 4908163 |o 428 TIL 2010 |p 4908163 |r 2025-01-20 |w 2019-11-22 |y BK_R |k ALI | ||
| 952 | |0 0 |1 0 |4 0 |6 428_000000000000000_TIL_2010 |7 0 |8 A |9 445036 |a BIBALI |b BIBALI |c RES |d 2019-11-22 |i 4908171 |o 428 TIL 2010 |p 4908171 |r 2025-01-20 |w 2019-11-22 |y BK_R |k ALI | ||
| 952 | |0 0 |1 0 |4 0 |6 428_000000000000000_TIL_2010 |7 0 |8 A |9 445037 |a BIBALI |b BIBALI |c RES |d 2019-11-22 |i 490818K |o 428 TIL 2010 |p 490818K |r 2025-01-20 |w 2019-11-22 |y BK_R |k ALI | ||
| 952 | |0 0 |1 0 |4 0 |6 428_000000000000000_TIL_2010 |7 0 |8 A |9 445038 |a BIBALI |b BIBALI |c RES |d 2019-11-22 |i 4908198 |o 428 TIL 2010 |p 4908198 |r 2025-01-20 |w 2019-11-22 |y BK_R |k ALI | ||
| 952 | |0 0 |1 0 |4 0 |6 428_000000000000000_TIL_2010 |7 0 |8 A |9 445039 |a BIBALI |b BIBALI |c RES |d 2019-11-22 |i 4908201 |l 2 |o 428 TIL 2010 |p 4908201 |r 2025-01-20 |s 2023-04-05 |w 2019-11-22 |y BK_R |k ALI | ||
| 952 | |0 0 |1 0 |4 0 |6 428_000000000000000_TIL_2010 |7 0 |8 A |9 445040 |a BIBALI |b BIBALI |c RES |d 2019-11-22 |i 490821K |o 428 TIL 2010 |p 490821K |r 2025-01-20 |w 2019-11-22 |y BK_R |k ALI | ||
| 952 | |0 0 |1 0 |4 0 |6 428_000000000000000_TIL_2010 |7 0 |8 A |9 445041 |a BIBALI |b BIBALI |c RES |d 2019-11-22 |i 4908228 |o 428 TIL 2010 |p 4908228 |r 2025-01-20 |w 2019-11-22 |y BK_R |k ALI | ||
| 952 | |0 0 |1 0 |4 0 |6 428_000000000000000_TIL_2010 |7 0 |8 A |9 445042 |a BIBALI |b BIBALI |c RES |d 2019-11-22 |i 4908244 |o 428 TIL 2010 |p 4908244 |r 2025-01-20 |w 2019-11-22 |y BK_R |k ALI | ||
| 952 | |0 0 |1 0 |4 0 |6 428_000000000000000_TIL_2010 |7 0 |8 A |9 445043 |a BIBALI |b BIBALI |c RES |d 2019-11-22 |i 4908252 |o 428 TIL 2010 |p 4908252 |r 2025-01-20 |w 2019-11-22 |y BK_R |k ALI | ||
| 952 | |0 0 |1 0 |4 0 |6 428_000000000000000_TIL_2010 |7 0 |8 A |9 445044 |a BIBALI |b BIBALI |c RES |d 2019-11-22 |i 4908260 |o 428 TIL 2010 |p 4908260 |r 2025-01-20 |w 2019-11-22 |y BK_R |k ALI | ||
| 952 | |0 0 |1 0 |4 0 |6 428_000000000000000_TIL_2010 |7 0 |8 A |9 445045 |a BIBALI |b BIBALI |c RES |d 2019-11-22 |i 4908279 |o 428 TIL 2010 |p 4908279 |r 2025-01-20 |w 2019-11-22 |y BK_R |k ALI | ||
| 952 | |0 0 |1 0 |4 0 |6 428_000000000000000_TIL_2010 |7 0 |8 A |9 445046 |a BIBALI |b BIBALI |c RES |d 2019-11-22 |i 4908287 |o 428 TIL 2010 |p 4908287 |r 2025-01-20 |w 2019-11-22 |y BK_R |k ALI | ||
| 952 | |0 0 |1 0 |4 0 |6 428_000000000000000_TIL_2010 |7 0 |8 A |9 445047 |a BIBALI |b BIBALI |c RES |d 2019-11-22 |i 4908295 |o 428 TIL 2010 |p 4908295 |r 2025-01-20 |w 2019-11-22 |y BK_R |k ALI | ||
| 952 | |0 0 |1 0 |4 0 |6 428_000000000000000_TIL_2010 |7 0 |8 ? |9 445048 |a FDOILP |b FDOILP |d 2019-11-22 |i 4908651 |o 428 TIL 2010 |p 4908651 |r 2024-01-30 |w 2019-11-22 |y BK |k ILP | ||
| 952 | |0 0 |1 0 |4 0 |6 428_000000000000000_TIL_2010 |7 0 |8 ? |9 445049 |a FDOILP |b FDOILP |d 2019-11-22 |i 490866K |o 428 TIL 2010 |p 490866K |r 2019-11-22 |w 2019-11-22 |y BK |k ILP | ||
| 952 | |0 0 |1 0 |4 0 |6 428_000000000000000_TIL_2010 |7 0 |8 ? |9 445050 |a FDOILP |b FDOILP |d 2019-11-22 |i 4908678 |o 428 TIL 2010 |p 4908678 |r 2019-11-22 |w 2019-11-22 |y BK |k ILP | ||
| 952 | |0 0 |1 0 |4 0 |6 428_000000000000000_TIL_2010 |7 0 |8 ? |9 445051 |a FDOILP |b FDOILP |d 2019-11-22 |i 4908686 |o 428 TIL 2010 |p 4908686 |r 2019-11-22 |w 2019-11-22 |y BK |k ILP | ||
| 952 | |0 0 |1 0 |4 0 |6 428_000000000000000_TIL_2010 |7 0 |8 ? |9 445052 |a FDOILP |b FDOILP |d 2019-11-22 |i 4908694 |o 428 TIL 2010 |p 4908694 |r 2019-11-22 |w 2019-11-22 |y BK |k ILP | ||
| 952 | |0 0 |1 0 |2 ddc |3 erb |4 0 |6 428_000000000000000_TIL_2010 |7 0 |8 A |9 445053 |a BIBEDU |b BIBEDU |c GEN |i 5348587 |o 428 TIL 2010 |p 5348587 |r 2019-11-22 |w 2019-11-22 |y BK |z Catalogado en:20161118 |k ILE | ||
| 952 | |0 0 |1 0 |2 ddc |3 erb |4 0 |6 428_000000000000000_TIL_2010 |7 0 |8 A |9 445054 |a BIBEDU |b BIBEDU |c GEN |i 5348560 |l 1 |m 1 |o 428 TIL 2010 |p 5348560 |r 2023-08-21 |s 2023-08-07 |w 2019-11-22 |y BK |z Catalogado en:20161118 |k ILE | ||
| 952 | |0 0 |1 0 |2 ddc |3 erb |4 0 |6 428_000000000000000_TIL_2010 |7 0 |8 A |9 445055 |a BIBEDU |b BIBEDU |c GEN |i 5348579 |o 428 TIL 2010 |p 5348579 |r 2019-11-22 |w 2019-11-22 |y BK |z Catalogado en:20161118 |k ILE | ||
| 952 | |0 0 |1 0 |2 ddc |3 erb |4 0 |6 428_000000000000000_TIL_2010 |7 0 |8 A |9 445056 |a BIBEDU |b BIBEDU |c GEN |i 5348552 |l 3 |o 428 TIL 2010 |p 5348552 |r 2023-10-05 |s 2023-10-05 |w 2019-11-22 |y BK |z Catalogado en:20161118 |k ILE | ||
| 952 | |0 0 |1 0 |2 ddc |3 erb |4 0 |6 428_000000000000000_TIL_2010 |7 0 |8 A |9 445057 |a BIBEDU |b BIBEDU |c GEN |i 5348544 |o 428 TIL 2010 |p 5348544 |r 2019-11-22 |w 2019-11-22 |y BK |z Catalogado en:20161118 |k ILE | ||
| 952 | |0 0 |1 0 |2 ddc |3 erb |4 0 |6 428_000000000000000_TIL_2010 |7 0 |8 A |9 445058 |a BIBEDU |b BIBEDU |c GEN |i 5348536 |l 1 |m 1 |o 428 TIL 2010 |p 5348536 |r 2023-08-22 |s 2023-08-07 |w 2019-11-22 |y BK |z Catalogado en:20161118 |k ILE | ||
| 952 | |0 0 |1 0 |2 ddc |3 erb |4 0 |6 428_000000000000000_TIL_2010 |7 0 |8 A |9 445059 |a BIBEDU |b BIBEDU |c GEN |i 5348528 |l 3 |m 1 |o 428 TIL 2010 |p 5348528 |r 2024-04-23 |s 2024-04-22 |w 2019-11-22 |y BK |z Catalogado en:20161118 |k ILE | ||
| 952 | |0 0 |1 0 |2 ddc |3 erb |4 0 |6 428_000000000000000_TIL_2010 |7 0 |8 A |9 445060 |a BIBEDU |b BIBEDU |c GEN |i 534851K |l 2 |m 2 |o 428 TIL 2010 |p 534851K |r 2024-04-23 |s 2024-04-22 |w 2019-11-22 |y BK |z Catalogado en:20161118 |k ILE | ||
| 952 | |0 0 |1 0 |2 ddc |3 erb |4 0 |6 428_000000000000000_TIL_2010 |7 0 |8 A |9 445061 |a BIBEDU |b BIBEDU |c GEN |i 5348501 |o 428 TIL 2010 |p 5348501 |r 2019-11-22 |w 2019-11-22 |y BK |z Catalogado en:20161118 |k ILE | ||
| 952 | |0 0 |1 0 |2 ddc |3 erb |4 0 |6 428_000000000000000_TIL_2010 |7 0 |8 A |9 445062 |a BIBEDU |b BIBEDU |c GEN |i 5348498 |o 428 TIL 2010 |p 5348498 |r 2019-11-22 |w 2019-11-22 |y BK |z Catalogado en:20161118 |k ILE | ||
| 952 | |0 0 |1 0 |2 ddc |3 erb |4 0 |6 428_000000000000000_TIL_2010 |7 0 |8 A |9 445063 |a BIBEDU |b BIBEDU |c GEN |i 534848K |o 428 TIL 2010 |p 534848K |r 2019-11-22 |w 2019-11-22 |y BK |z Catalogado en:20161118 |k ILE | ||
| 952 | |0 0 |1 0 |2 ddc |3 erb |4 0 |6 428_000000000000000_TIL_2010 |7 0 |8 R |9 445064 |a BIBEDU |b BIBEDU |c MCIRC |i 5348471 |o 428 TIL 2010 |p 5348471 |r 2023-01-13 |w 2019-11-22 |y BK |z Catalogado en:20161118 |k ILE | ||
| 952 | |0 0 |1 0 |2 ddc |3 erb |4 0 |6 428_000000000000000_TIL_2010 |7 0 |8 A |9 445065 |a BIBEDU |b BIBEDU |c GEN |i 5348463 |o 428 TIL 2010 |p 5348463 |r 2019-11-22 |w 2019-11-22 |y BK |z Catalogado en:20161118 |k ILE | ||
| 952 | |0 0 |1 0 |2 ddc |3 erb |4 0 |6 428_000000000000000_TIL_2010 |7 0 |8 R |9 445066 |a BIBEDU |b BIBEDU |c MCIRC |i 5348455 |l 3 |o 428 TIL 2010 |p 5348455 |r 2023-03-13 |s 2023-03-10 |w 2019-11-22 |y BK |z Catalogado en:20161118 |k ILE | ||
| 952 | |0 0 |1 0 |2 ddc |3 erb |4 0 |6 428_000000000000000_TIL_2010 |7 0 |8 A |9 445067 |a BIBEDU |b BIBEDU |c GEN |i 5348447 |l 1 |m 2 |o 428 TIL 2010 |p 5348447 |r 2023-08-28 |s 2023-08-07 |w 2019-11-22 |y BK |z Catalogado en:20161118 |k ILE | ||
| 952 | |0 0 |1 0 |2 ddc |3 erb |4 0 |6 428_000000000000000_TIL_2010 |7 0 |8 A |9 445068 |a BIBEDU |b BIBEDU |c GEN |i 5348439 |l 1 |m 1 |o 428 TIL 2010 |p 5348439 |r 2023-08-22 |s 2023-08-08 |w 2019-11-22 |y BK |z Catalogado en:20161118 |k ILE | ||
| 952 | |0 0 |1 0 |2 ddc |3 erb |4 0 |6 428_000000000000000_TIL_2010 |7 0 |8 A |9 445069 |a BIBEDU |b BIBEDU |c GEN |i 5348420 |o 428 TIL 2010 |p 5348420 |r 2019-11-22 |w 2019-11-22 |y BK |z Catalogado en:20161118 |k ILE | ||
| 952 | |0 0 |1 0 |2 ddc |3 erb |4 0 |6 428_000000000000000_TIL_2010 |7 0 |8 A |9 445070 |a BIBEDU |b BIBEDU |c GEN |i 5348412 |o 428 TIL 2010 |p 5348412 |r 2019-11-22 |w 2019-11-22 |y BK |z Catalogado en:20161118 |k ILE | ||
| 952 | |0 0 |1 0 |2 ddc |3 erb |4 0 |6 428_000000000000000_TIL_2010 |7 0 |8 A |9 445071 |a BIBEDU |b BIBEDU |c GEN |i 5348404 |o 428 TIL 2010 |p 5348404 |r 2019-11-22 |w 2019-11-22 |y BK |z Catalogado en:20161118 |k ILE | ||
| 952 | |0 0 |1 0 |3 erb |4 0 |6 428_000000000000000_TIL_2010 |7 0 |8 A |9 445072 |a BIBENE |b BIBENE |i 5348773 |l 1 |m 1 |o 428 TIL 2010 |p 5348773 |r 2025-01-15 |s 2022-05-02 |w 2019-11-22 |y BK |z Catalogado en:20161118 |k ILG | ||
| 952 | |0 0 |1 0 |3 erb |4 0 |6 428_000000000000000_TIL_2010 |7 0 |8 A |9 445073 |a BIBENE |b BIBENE |i 5348765 |l 1 |o 428 TIL 2010 |p 5348765 |r 2025-01-15 |s 2022-06-22 |w 2019-11-22 |y BK |z Catalogado en:20161118 |k ILG | ||
| 952 | |0 0 |1 0 |3 erb |4 0 |6 428_000000000000000_TIL_2010 |7 0 |8 A |9 445074 |a BIBGIM |b BIBGIM |i 5348757 |l 10 |o 428 TIL 2010 |p 5348757 |r 2025-01-15 |s 2023-04-19 |w 2019-11-22 |y BK |z Catalogado en:20161118 |k ILG | ||
| 952 | |0 0 |1 0 |2 ddc |3 erb |4 0 |6 428_000000000000000_TIL_2010 |7 0 |8 A |9 445075 |a BIBENE |b BIBENE |i 5348749 |o 428 TIL 2010 |p 5348749 |r 2025-01-15 |w 2019-11-22 |y BK |z Catalogado en:20161118 |k ILG | ||
| 952 | |0 0 |1 0 |3 erb |4 0 |6 428_000000000000000_TIL_2010 |7 0 |8 A |9 445076 |a BIBGIM |b BIBGIM |i 5348730 |l 17 |o 428 TIL 2010 |p 5348730 |r 2025-01-15 |s 2023-09-21 |w 2019-11-22 |y BK |z Catalogado en:20161118 |k ILG | ||
| 952 | |0 0 |1 0 |2 ddc |3 erb |4 0 |6 428_000000000000000_TIL_2010 |7 0 |8 A |9 445077 |a BIBENE |b BIBENE |i 5348722 |l 1 |o 428 TIL 2010 |p 5348722 |r 2025-01-15 |s 2020-03-05 |w 2019-11-22 |y BK |z Catalogado en:20161118 |k ILG | ||
| 952 | |0 0 |1 0 |2 ddc |3 erb |4 0 |6 428_000000000000000_TIL_2010 |7 0 |8 A |9 445078 |a BIBENE |b BIBENE |i 5348714 |l 1 |o 428 TIL 2010 |p 5348714 |r 2025-01-15 |s 2023-05-18 |w 2019-11-22 |y BK |z Catalogado en:20161118 |k ILG | ||
| 952 | |0 0 |1 0 |3 erb |4 0 |6 428_000000000000000_TIL_2010 |7 0 |8 A |9 445079 |a BIBGIM |b BIBGIM |i 5348706 |l 14 |m 1 |o 428 TIL 2010 |p 5348706 |r 2025-01-15 |s 2023-04-26 |w 2019-11-22 |y BK |z Catalogado en:20161118 |k ILG | ||
| 952 | |0 0 |1 0 |2 ddc |3 erb |4 0 |6 428_000000000000000_TIL_2010 |7 0 |8 A |9 445080 |a BIBENE |b BIBENE |i 5348692 |l 1 |o 428 TIL 2010 |p 5348692 |r 2025-01-15 |s 2023-05-18 |w 2019-11-22 |y BK |z Catalogado en:20161118 |k ILG | ||
| 952 | |0 0 |1 0 |2 ddc |3 erb |4 0 |6 428_000000000000000_TIL_2010 |7 0 |8 A |9 445081 |a BIBENE |b BIBENE |i 5348684 |o 428 TIL 2010 |p 5348684 |r 2025-01-15 |w 2019-11-22 |y BK |z Catalogado en:20161118 |k ILG | ||
| 952 | |0 0 |1 0 |2 ddc |3 erb |4 0 |6 428_000000000000000_TIL_2010 |7 0 |8 A |9 445082 |a BIBENE |b BIBENE |i 5348668 |o 428 TIL 2010 |p 5348668 |r 2025-01-15 |w 2019-11-22 |y BK |z Catalogado en:20161118 |k ILG | ||
| 952 | |0 0 |1 0 |2 ddc |3 erb |4 0 |6 428_000000000000000_TIL_2010 |7 0 |8 A |9 445083 |a BIBENE |b BIBENE |i 534865K |o 428 TIL 2010 |p 534865K |r 2025-01-15 |w 2019-11-22 |y BK |z Catalogado en:20161118 |k ILG | ||
| 952 | |0 0 |1 0 |2 ddc |3 erb |4 0 |6 428_000000000000000_TIL_2010 |7 0 |8 A |9 445084 |a BIBENE |b BIBENE |i 5348641 |o 428 TIL 2010 |p 5348641 |r 2025-01-15 |w 2019-11-22 |y BK |z Catalogado en:20161118 |k ILG | ||
| 952 | |0 0 |1 0 |2 ddc |3 erb |4 0 |6 428_000000000000000_TIL_2010 |7 0 |8 A |9 445085 |a BIBENE |b BIBENE |i 5348633 |o 428 TIL 2010 |p 5348633 |r 2025-01-15 |w 2019-11-22 |y BK |z Catalogado en:20161118 |k ILG | ||
| 952 | |0 0 |1 0 |2 ddc |3 erb |4 0 |6 428_000000000000000_TIL_2010 |7 0 |8 A |9 445086 |a BIBENE |b BIBENE |i 5348625 |l 1 |o 428 TIL 2010 |p 5348625 |r 2025-01-15 |s 2023-05-18 |w 2019-11-22 |y BK |z Catalogado en:20161118 |k ILG | ||
| 952 | |0 0 |1 0 |2 ddc |3 erb |4 0 |6 428_000000000000000_TIL_2010 |7 0 |8 A |9 445087 |a BIBENE |b BIBENE |i 5348617 |o 428 TIL 2010 |p 5348617 |r 2025-01-15 |w 2019-11-22 |y BK |z Catalogado en:20161118 |k ILG | ||
| 952 | |0 0 |1 0 |2 ddc |3 erb |4 0 |6 428_000000000000000_TIL_2010 |7 0 |8 A |9 445088 |a BIBENE |b BIBENE |i 5348609 |o 428 TIL 2010 |p 5348609 |r 2025-01-15 |w 2019-11-22 |y BK |z Catalogado en:20161118 |k ILG | ||
| 952 | |0 0 |1 0 |2 ddc |3 erb |4 0 |6 428_000000000000000_TIL_2010 |7 0 |8 A |9 445089 |a BIBENE |b BIBENE |i 5348595 |l 1 |o 428 TIL 2010 |p 5348595 |r 2025-01-15 |s 2023-05-18 |w 2019-11-22 |y BK |z Catalogado en:20161118 |k ILG | ||
| 952 | |0 0 |1 0 |3 erb |4 0 |6 428_000000000000000_TIL_2010 |7 0 |8 A |9 445090 |a BIBCUR |b BIBCUR |i 534896K |l 4 |o 428 TIL 2010 |p 534896K |q 2022-04-27 |r 2022-04-20 |s 2022-04-20 |w 2019-11-22 |y BK |z Catalogado en:20161118 |k ILC | ||
| 952 | |0 0 |1 0 |3 erb |4 0 |6 428_000000000000000_TIL_2010 |7 0 |8 A |9 445091 |a BIBCUR |b BIBCUR |i 5348951 |l 6 |o 428 TIL 2010 |p 5348951 |r 2025-04-22 |s 2024-09-03 |w 2019-11-22 |y BK |z Catalogado en:20161118 |k ILC | ||
| 952 | |0 0 |1 0 |3 erb |4 0 |6 428_000000000000000_TIL_2010 |7 0 |8 A |9 445092 |a BIBCUR |b BIBCUR |i 5348927 |o 428 TIL 2010 |p 5348927 |r 2025-04-22 |w 2019-11-22 |y BK |z Catalogado en:20161118 |k ILC | ||
| 952 | |0 0 |1 0 |3 erb |4 0 |6 428_000000000000000_TIL_2010 |7 0 |8 A |9 445093 |a BIBCUR |b BIBCUR |i 5348935 |l 6 |m 4 |o 428 TIL 2010 |p 5348935 |r 2025-04-22 |s 2022-10-25 |w 2019-11-22 |y BK |z Catalogado en:20161118 |k ILC | ||
| 952 | |0 0 |1 0 |3 erb |4 0 |6 428_000000000000000_TIL_2010 |7 0 |8 A |9 445094 |a BIBCUR |b BIBCUR |i 5348943 |o 428 TIL 2010 |p 5348943 |r 2025-04-22 |w 2019-11-22 |y BK |z Catalogado en:20161118 |k ILC | ||
| 952 | |0 0 |1 0 |3 erb |4 0 |6 428_000000000000000_TIL_2010 |7 0 |8 A |9 445095 |a BIBCUR |b BIBCUR |i 5348897 |l 1 |o 428 TIL 2010 |p 5348897 |r 2025-04-22 |s 2022-03-07 |w 2019-11-22 |y BK |z Catalogado en:20161118 |k ILC | ||
| 952 | |0 0 |1 0 |3 erb |4 0 |6 428_000000000000000_TIL_2010 |7 0 |8 A |9 445096 |a BIBCUR |b BIBCUR |i 5348900 |l 2 |o 428 TIL 2010 |p 5348900 |r 2025-04-22 |s 2022-05-20 |w 2019-11-22 |y BK |z Catalogado en:20161118 |k ILC | ||
| 952 | |0 0 |1 0 |3 erb |4 0 |6 428_000000000000000_TIL_2010 |7 0 |8 A |9 445097 |a BIBCUR |b BIBCUR |i 5348919 |l 7 |m 4 |o 428 TIL 2010 |p 5348919 |r 2025-04-22 |s 2023-03-14 |w 2019-11-22 |y BK |z Catalogado en:20161118 |k ILC | ||
| 952 | |0 0 |1 0 |3 erb |4 0 |6 428_000000000000000_TIL_2010 |7 0 |8 A |9 445098 |a BIBCUR |b BIBCUR |i 5348870 |l 2 |o 428 TIL 2010 |p 5348870 |r 2025-04-22 |s 2022-03-21 |w 2019-11-22 |y BK |z Catalogado en:20161118 |k ILC | ||
| 952 | |0 0 |1 0 |3 erb |4 0 |6 428_000000000000000_TIL_2010 |7 0 |8 ? |9 445099 |a FDOILP |b FDOILP |i 5349192 |o 428 TIL 2010 |p 5349192 |r 2019-11-22 |w 2019-11-22 |y BK |z Catalogado en:20161124 |k ILP | ||
| 952 | |0 0 |1 0 |3 erb |4 0 |6 428_000000000000000_TIL_2010 |7 0 |8 ? |9 445100 |a FDOILP |b FDOILP |i 5349184 |o 428 TIL 2010 |p 5349184 |r 2019-11-22 |w 2019-11-22 |y BK |z Catalogado en:20161124 |k ILP | ||
| 952 | |0 0 |1 0 |3 erb |4 0 |6 428_000000000000000_TIL_2010 |7 0 |8 ? |9 445101 |a FDOILP |b FDOILP |i 5349176 |o 428 TIL 2010 |p 5349176 |r 2019-11-22 |w 2019-11-22 |y BK |z Catalogado en:20161124 |k ILP | ||
| 952 | |0 0 |1 0 |3 erb |4 0 |6 428_000000000000000_TIL_2010 |7 0 |8 ? |9 445102 |a FDOILP |b FDOILP |i 5349168 |o 428 TIL 2010 |p 5349168 |r 2019-11-22 |w 2019-11-22 |y BK |z Catalogado en:20161124 |k ILP | ||
| 952 | |0 0 |1 0 |3 erb |4 0 |6 428_000000000000000_TIL_2010 |7 0 |8 ? |9 445103 |a FDOILP |b FDOILP |i 534915K |o 428 TIL 2010 |p 534915K |r 2019-11-22 |w 2019-11-22 |y BK |z Catalogado en:20161124 |k ILP | ||
| 952 | |0 0 |1 0 |3 erb |4 0 |6 428_000000000000000_TIL_2010 |7 0 |8 ? |9 445104 |a FDOILP |b FDOILP |i 5349141 |o 428 TIL 2010 |p 5349141 |r 2019-11-22 |w 2019-11-22 |y BK |z Catalogado en:20161124 |k ILP | ||
| 952 | |0 0 |1 0 |3 erb |4 0 |6 428_000000000000000_TIL_2010 |7 0 |8 A |9 445105 |a BIBCUR |b BIBCUR |i 5348889 |l 7 |o 428 TIL 2010 |p 5348889 |r 2025-04-22 |s 2023-09-05 |w 2019-11-22 |y BK |z Catalogado en:20161124 |k ILC | ||
| 952 | |0 0 |1 0 |3 erb |4 0 |6 428_000000000000000_TIL_2010 |7 0 |8 A |9 445106 |a BIBCUR |b BIBCUR |i 5348854 |l 15 |o 428 TIL 2010 |p 5348854 |r 2025-04-22 |s 2022-08-23 |w 2019-11-22 |y BK |z Catalogado en:20161124 |k ILC | ||
| 952 | |0 0 |1 0 |3 erb |4 0 |6 428_000000000000000_TIL_2010 |7 0 |8 A |9 445107 |a BIBCUR |b BIBCUR |i 5348862 |l 5 |m 1 |o 428 TIL 2010 |p 5348862 |r 2025-04-22 |s 2023-05-12 |w 2019-11-22 |y BK |z Catalogado en:20161124 |k ILC | ||
| 952 | |0 0 |1 0 |3 erb |4 0 |6 428_000000000000000_TIL_2010 |7 0 |8 A |9 445108 |a BIBCUR |b BIBCUR |i 534882K |l 3 |o 428 TIL 2010 |p 534882K |r 2025-04-22 |s 2022-04-04 |w 2019-11-22 |y BK |z Catalogado en:20161124 |k ILC | ||
| 952 | |0 0 |1 0 |3 erb |4 0 |6 428_000000000000000_TIL_2010 |7 0 |8 A |9 445109 |a BIBCUR |b BIBCUR |i 5348838 |l 8 |m 1 |o 428 TIL 2010 |p 5348838 |r 2025-04-22 |s 2022-07-01 |w 2019-11-22 |y BK |z Catalogado en:20161124 |k ILC | ||
| 952 | |0 0 |1 0 |3 erb |4 0 |6 428_000000000000000_TIL_2010 |7 0 |8 A |9 445110 |a BIBCUR |b BIBCUR |i 5348846 |l 13 |m 4 |o 428 TIL 2010 |p 5348846 |r 2025-04-22 |s 2023-05-09 |w 2019-11-22 |y BK |z Catalogado en:20161124 |k ILC | ||
| 952 | |0 0 |1 0 |3 erb |4 0 |6 428_000000000000000_TIL_2010 |7 0 |8 A |9 445111 |a BIBCUR |b BIBCUR |i 5348803 |l 3 |m 2 |o 428 TIL 2010 |p 5348803 |r 2025-04-22 |s 2023-07-03 |w 2019-11-22 |y BK |z Catalogado en:20161124 |k ILC | ||
| 952 | |0 0 |1 0 |3 erb |4 0 |6 428_000000000000000_TIL_2010 |7 0 |8 A |9 445112 |a BIBCUR |b BIBCUR |i 5348811 |l 5 |m 1 |o 428 TIL 2010 |p 5348811 |r 2025-04-22 |s 2022-11-21 |w 2019-11-22 |y BK |z Catalogado en:20161124 |k ILC | ||
| 952 | |0 0 |1 0 |3 erb |4 0 |6 428_000000000000000_TIL_2010 |7 0 |8 A |9 445113 |a BIBCUR |b BIBCUR |i 534879K |l 4 |o 428 TIL 2010 |p 534879K |r 2025-04-22 |s 2025-03-21 |w 2019-11-22 |y BK |z Catalogado en:20161124 |k ILC | ||
| 952 | |0 0 |1 0 |3 erb |4 0 |6 428_000000000000000_TIL_2010 |7 0 |8 A |9 445114 |a BIBCUR |b BIBCUR |i 5348781 |l 11 |m 1 |o 428 TIL 2010 |p 5348781 |r 2025-04-22 |s 2024-11-13 |w 2019-11-22 |y BK |z Catalogado en:20161124 |k ILC | ||
| 952 | |0 0 |1 0 |2 ddc |3 erb |4 0 |6 428_000000000000000_TIL_2010 |7 0 |8 A |9 445115 |a BIBING |b BIBING |c RES |i 5348978 |l 19 |m 1 |o 428 TIL 2010 |p 5348978 |r 2025-01-20 |s 2023-11-17 |w 2019-11-22 |y BK |z Catalogado en:20161201 |k ILI | ||
| 952 | |0 0 |1 0 |2 ddc |3 erb |4 0 |6 428_000000000000000_TIL_2010 |7 0 |8 A |9 445116 |a BIBING |b BIBING |c RES |i 5348986 |l 15 |o 428 TIL 2010 |p 5348986 |r 2025-01-20 |s 2023-11-16 |w 2019-11-22 |y BK |z Catalogado en:20161201 |k ILI | ||
| 952 | |0 0 |1 0 |2 ddc |3 erb |4 0 |6 428_000000000000000_TIL_2010 |7 0 |8 A |9 445118 |a BIBING |b BIBING |c RES |i 5349001 |l 19 |o 428 TIL 2010 |p 5349001 |r 2025-01-20 |s 2023-11-07 |w 2019-11-22 |y BK |z Catalogado en:20161201 |k ILI | ||
| 952 | |0 0 |1 0 |2 ddc |3 erb |4 0 |6 428_000000000000000_TIL_2010 |7 0 |8 A |9 445119 |a BIBING |b BIBING |c RES |i 534901K |l 13 |m 4 |o 428 TIL 2010 |p 534901K |r 2025-01-20 |s 2023-10-31 |w 2019-11-22 |y BK |z Catalogado en:20161201 |k ILI | ||
| 952 | |0 0 |1 0 |2 ddc |3 erb |4 0 |6 428_000000000000000_TIL_2010 |7 0 |8 A |9 445122 |a BIBING |b BIBING |c RES |i 5349044 |l 6 |o 428 TIL 2010 |p 5349044 |r 2025-01-20 |s 2023-09-04 |w 2019-11-22 |y BK |z Catalogado en:20161201 |k ILI | ||
| 952 | |0 0 |1 0 |2 ddc |3 erb |4 0 |6 428_000000000000000_TIL_2010 |7 0 |8 A |9 445123 |a BIBING |b BIBING |c RES |i 5349052 |l 16 |m 2 |o 428 TIL 2010 |p 5349052 |r 2025-01-20 |s 2023-10-20 |w 2019-11-22 |y BK |z Catalogado en:20161201 |k ILI | ||
| 952 | |0 0 |1 0 |2 ddc |3 erb |4 0 |6 428_000000000000000_TIL_2010 |7 0 |8 A |9 445125 |a BIBING |b BIBING |c RES |i 5349079 |l 22 |m 2 |o 428 TIL 2010 |p 5349079 |r 2025-01-20 |s 2023-11-10 |w 2019-11-22 |y BK |z Catalogado en:20161201 |k ILI | ||
| 952 | |0 0 |1 0 |2 ddc |3 erb |4 0 |6 428_000000000000000_TIL_2010 |7 0 |8 A |9 445128 |a BIBING |b BIBING |c RES |i 5349109 |l 24 |m 1 |o 428 TIL 2010 |p 5349109 |r 2025-01-20 |s 2023-11-21 |w 2019-11-22 |y BK |z Catalogado en:20161201 |k ILI | ||
| 952 | |0 0 |1 0 |2 ddc |3 erb |4 0 |6 428_000000000000000_TIL_2010 |7 0 |8 A |9 445130 |a BIBING |b BIBING |c RES |i 5349125 |l 9 |m 1 |o 428 TIL 2010 |p 5349125 |r 2025-01-20 |s 2023-11-13 |w 2019-11-22 |y BK |z Catalogado en:20161201 |k ILI | ||
| 952 | |0 0 |1 0 |2 ddc |3 erb |4 0 |6 428_000000000000000_TIL_2010 |7 0 |8 A |9 445132 |a BIBMAT |b BIBMAT |c E_DIDACT |i 5543541 |l 3 |o 428 TIL 2010 |p 5543541 |r 2025-01-07 |s 2022-10-17 |w 2019-11-22 |y BK |z Catalogado en:20190412 |k ILC | ||
| 952 | |0 0 |1 0 |2 ddc |3 erb |4 0 |6 428_000000000000000_TIL_2010 |7 0 |8 A |9 445133 |a BIBMAT |b BIBMAT |c E_DIDACT |i 5543533 |o 428 TIL 2010 |p 5543533 |r 2025-01-07 |w 2019-11-22 |y BK |z Catalogado en:20190412 |k ILC | ||
| 952 | |0 0 |1 0 |2 ddc |3 erb |4 0 |6 428_000000000000000_TIL_2010 |7 0 |8 A |9 489642 |a BIBENE |b BIBENE |i 5493730 |o 428 TIL 2010 |p 5493730 |r 2025-01-15 |w 2019-11-24 |y BK |z Catalogado en:20180907 |k ILG | ||
| 952 | |0 0 |1 0 |3 erb |4 0 |6 428_000000000000000_TIL_2010 |7 0 |8 ? |9 489643 |a FDOILP |b FDOILP |i 5495830 |o 428 TIL 2010 |p 5495830 |r 2019-11-24 |w 2019-11-24 |y BK |z Catalogado en:20180907 |k ILP | ||
| 952 | |0 0 |1 0 |3 erb |4 0 |6 428_000000000000000_TIL_2010 |7 0 |8 ? |9 489644 |a FDOILP |b FDOILP |i 5495873 |o 428 TIL 2010 |p 5495873 |r 2019-11-24 |w 2019-11-24 |y BK |z Catalogado en:20180907 |k ILP | ||
| 952 | |0 0 |1 0 |3 erb |4 0 |6 428_000000000000000_TIL_2010 |7 0 |8 ? |9 489645 |a FDOILP |b FDOILP |i 5495865 |o 428 TIL 2010 |p 5495865 |r 2019-11-24 |w 2019-11-24 |y BK |z Catalogado en:20180907 |k ILP | ||
| 952 | |0 0 |1 0 |3 erb |4 0 |6 428_000000000000000_TIL_2010 |7 0 |8 ? |9 489646 |a FDOILP |b FDOILP |i 5495857 |o 428 TIL 2010 |p 5495857 |r 2019-11-24 |w 2019-11-24 |y BK |z Catalogado en:20180907 |k ILP | ||
| 952 | |0 0 |1 0 |3 erb |4 0 |6 428_000000000000000_TIL_2010 |7 0 |8 ? |9 489647 |a FDOILP |b FDOILP |i 5495849 |o 428 TIL 2010 |p 5495849 |r 2019-11-24 |w 2019-11-24 |y BK |z Catalogado en:20180907 |k ILP | ||
| 952 | |0 0 |1 0 |3 erb |4 0 |6 428_000000000000000_TIL_2010 |7 0 |8 P |9 489648 |a BIBARQ |b BIBARQ |i 5498325 |o 428 TIL 2010 |p 5498325 |r 2025-01-20 |w 2019-11-24 |y BK |z Catalogado en:20180907 |k ILQ | ||
| 952 | |0 0 |1 0 |3 erb |4 0 |6 428_000000000000000_TIL_2010 |7 0 |8 P |9 489649 |a BIBARQ |b BIBARQ |i 5498317 |o 428 TIL 2010 |p 5498317 |r 2025-01-20 |w 2019-11-24 |y BK |z Catalogado en:20180907 |k ILQ | ||
| 952 | |0 0 |1 0 |3 erb |4 0 |6 428_000000000000000_TIL_2010 |7 0 |8 P |9 489650 |a BIBARQ |b BIBARQ |i 5498309 |o 428 TIL 2010 |p 5498309 |r 2025-01-20 |w 2019-11-24 |y BK |z Catalogado en:20180907 |k ILQ | ||
| 952 | |0 0 |1 0 |3 erb |4 0 |6 428_000000000000000_TIL_2010 |7 0 |8 P |9 489651 |a BIBARQ |b BIBARQ |i 5498295 |o 428 TIL 2010 |p 5498295 |r 2025-01-20 |w 2019-11-24 |y BK |z Catalogado en:20180907 |k ILQ | ||
| 952 | |0 0 |1 0 |3 erb |4 0 |6 428_000000000000000_TIL_2010 |7 0 |8 P |9 489652 |a BIBARQ |b BIBARQ |i 5498287 |o 428 TIL 2010 |p 5498287 |r 2025-01-20 |w 2019-11-24 |y BK |z Catalogado en:20180907 |k ILQ | ||
| 952 | |0 0 |1 0 |3 erb |4 0 |6 428_000000000000000_TIL_2010 |7 0 |8 P |9 489653 |a BIBARQ |b BIBARQ |i 5498279 |o 428 TIL 2010 |p 5498279 |r 2025-01-20 |w 2019-11-24 |y BK |z Catalogado en:20180907 |k ILQ | ||
| 952 | |0 0 |1 0 |3 erb |4 0 |6 428_000000000000000_TIL_2010 |7 0 |8 P |9 489654 |a BIBARQ |b BIBARQ |i 5498260 |o 428 TIL 2010 |p 5498260 |r 2025-01-20 |w 2019-11-24 |y BK |z Catalogado en:20180907 |k ILQ | ||
| 952 | |0 0 |1 0 |3 erb |4 0 |6 428_000000000000000_TIL_2010 |7 0 |8 P |9 489655 |a BIBARQ |b BIBARQ |i 5498252 |o 428 TIL 2010 |p 5498252 |r 2025-01-20 |w 2019-11-24 |y BK |z Catalogado en:20180907 |k ILQ | ||
| 952 | |0 0 |1 0 |3 erb |4 0 |6 428_000000000000000_TIL_2010 |7 0 |8 P |9 489656 |a BIBARQ |b BIBARQ |i 5498244 |l 1 |o 428 TIL 2010 |p 5498244 |r 2025-01-20 |s 2024-03-07 |w 2019-11-24 |y BK |z Catalogado en:20180907 |k ILQ | ||
| 952 | |0 0 |1 0 |3 erb |4 0 |6 428_000000000000000_TIL_2010 |7 0 |8 P |9 489657 |a BIBARQ |b BIBARQ |i 5498236 |o 428 TIL 2010 |p 5498236 |r 2025-01-20 |w 2019-11-24 |y BK |z Catalogado en:20180907 |k ILQ | ||
| 952 | |0 0 |1 0 |3 erb |4 0 |6 428_000000000000000_TIL_2010 |7 0 |8 A |9 489659 |a BIBCUR |b BIBCUR |i 5497213 |l 13 |m 2 |o 428 TIL 2010 |p 5497213 |r 2025-04-22 |s 2024-09-03 |w 2019-11-24 |y BK |z Catalogado en:20180907 |k ILC | ||
| 952 | |0 0 |1 0 |3 erb |4 0 |6 428_000000000000000_TIL_2010 |7 0 |8 A |9 489660 |a BIBCUR |b BIBCUR |i 5497205 |l 8 |m 1 |o 428 TIL 2010 |p 5497205 |r 2025-04-22 |s 2023-06-23 |w 2019-11-24 |y BK |z Catalogado en:20180907 |k ILC | ||
| 952 | |0 0 |1 0 |3 erb |4 0 |6 428_000000000000000_TIL_2010 |7 0 |8 A |9 489661 |a BIBCUR |b BIBCUR |i 5497191 |l 16 |m 4 |o 428 TIL 2010 |p 5497191 |r 2025-04-22 |s 2023-10-26 |w 2019-11-24 |y BK |z Catalogado en:20180907 |k ILC | ||
| 952 | |0 0 |1 0 |3 erb |4 0 |6 428_000000000000000_TIL_2010 |7 0 |8 A |9 489662 |a BIBCUR |b BIBCUR |i 5497183 |l 9 |m 1 |o 428 TIL 2010 |p 5497183 |r 2025-04-22 |s 2023-09-05 |w 2019-11-24 |y BK |z Catalogado en:20180907 |k ILC | ||
| 952 | |0 0 |1 0 |3 erb |4 0 |6 428_000000000000000_TIL_2010 |7 0 |8 A |9 489664 |a BIBCUR |b BIBCUR |i 5497167 |l 14 |m 4 |o 428 TIL 2010 |p 5497167 |r 2025-04-22 |s 2023-04-20 |w 2019-11-24 |y BK |z Catalogado en:20180907 |k ILC | ||
| 952 | |0 0 |1 0 |3 erb |4 0 |6 428_000000000000000_TIL_2010 |7 0 |8 A |9 489665 |a BIBCUR |b BIBCUR |i 5497159 |l 5 |o 428 TIL 2010 |p 5497159 |r 2025-04-22 |s 2023-06-13 |w 2019-11-24 |y BK |z Catalogado en:20180907 |k ILC | ||
| 952 | |0 0 |1 0 |3 erb |4 0 |6 428_000000000000000_TIL_2010 |7 0 |8 A |9 489666 |a BIBCUR |b BIBCUR |i 5497140 |l 18 |m 15 |o 428 TIL 2010 |p 5497140 |r 2025-04-22 |s 2023-08-28 |w 2019-11-24 |y BK |z Catalogado en:20180907 |k ILC | ||
| 952 | |0 0 |1 0 |3 erb |4 0 |6 428_000000000000000_TIL_2010 |7 0 |8 A |9 489667 |a BIBCUR |b BIBCUR |i 5497132 |l 15 |m 5 |o 428 TIL 2010 |p 5497132 |r 2025-04-22 |s 2023-11-21 |w 2019-11-24 |y BK |z Catalogado en:20180907 |k ILC | ||
| 952 | |0 0 |1 0 |3 erb |4 0 |6 428_000000000000000_TIL_2010 |7 0 |8 A |9 489668 |a BIBCUR |b BIBCUR |i 5497124 |l 4 |o 428 TIL 2010 |p 5497124 |r 2025-04-22 |s 2022-08-22 |w 2019-11-24 |y BK |z Catalogado en:20180907 |k ILC | ||
| 952 | |0 0 |1 0 |3 erb |4 0 |6 428_000000000000000_TIL_2010 |7 0 |8 A |9 489669 |a BIBCUR |b BIBCUR |i 5497116 |l 3 |o 428 TIL 2010 |p 5497116 |r 2025-04-22 |s 2023-08-16 |w 2019-11-24 |y BK |z Catalogado en:20180907 |k ILC | ||
| 952 | |0 0 |1 0 |3 erb |4 0 |6 428_000000000000000_TIL_2010 |7 0 |8 A |9 489670 |a BIBCUR |b BIBCUR |i 5497108 |l 16 |m 8 |o 428 TIL 2010 |p 5497108 |r 2025-04-22 |s 2023-11-28 |w 2019-11-24 |y BK |z Catalogado en:20180907 |k ILC | ||
| 952 | |0 0 |1 0 |3 erb |4 0 |6 428_000000000000000_TIL_2010 |7 0 |8 A |9 489671 |a BIBCUR |b BIBCUR |i 5497094 |l 8 |m 2 |o 428 TIL 2010 |p 5497094 |r 2025-04-22 |s 2022-12-12 |w 2019-11-24 |y BK |z Catalogado en:20180907 |k ILC | ||
| 952 | |0 0 |1 0 |3 erb |4 0 |6 428_000000000000000_TIL_2010 |7 0 |8 A |9 489672 |a BIBCUR |b BIBCUR |i 5497086 |l 9 |m 1 |o 428 TIL 2010 |p 5497086 |r 2025-04-22 |s 2023-05-09 |w 2019-11-24 |y BK |z Catalogado en:20180907 |k ILC | ||
| 952 | |0 0 |1 0 |2 ddc |3 erb |4 0 |6 428_000000000000000_TIL_2010 |7 0 |8 A |9 489673 |a BIBING |b BIBING |i 5496772 |l 6 |o 428 TIL 2010 |p 5496772 |r 2025-01-20 |s 2023-11-10 |w 2019-11-24 |y BK |z Catalogado en:20180907 |k ILI | ||
| 952 | |0 0 |1 0 |2 ddc |3 erb |4 0 |6 428_000000000000000_TIL_2010 |7 0 |8 A |9 489674 |a BIBING |b BIBING |c RES |i 5496764 |l 18 |m 2 |o 428 TIL 2010 |p 5496764 |r 2025-01-20 |s 2023-11-07 |w 2019-11-24 |y BK |z Catalogado en:20180907 |k ILI | ||
| 952 | |0 0 |1 0 |2 ddc |3 erb |4 0 |6 428_000000000000000_TIL_2010 |7 0 |8 A |9 489675 |a BIBING |b BIBING |c RES |i 5496756 |l 13 |o 428 TIL 2010 |p 5496756 |r 2025-01-20 |s 2023-08-11 |w 2019-11-24 |y BK |z Catalogado en:20180907 |k ILI | ||
| 952 | |0 0 |1 0 |2 ddc |3 erb |4 0 |6 428_000000000000000_TIL_2010 |7 0 |8 A |9 489677 |a BIBING |b BIBING |c RES |i 549673K |l 3 |o 428 TIL 2010 |p 549673K |r 2025-01-20 |s 2023-09-11 |w 2019-11-24 |y BK |z Catalogado en:20180907 |k ILI | ||
| 952 | |0 0 |1 0 |2 ddc |3 erb |4 0 |6 428_000000000000000_TIL_2010 |7 0 |8 A |9 489678 |a BIBING |b BIBING |c RES |i 5496721 |l 12 |o 428 TIL 2010 |p 5496721 |r 2025-01-20 |s 2023-08-17 |w 2019-11-24 |y BK |z Catalogado en:20180907 |k ILI | ||
| 952 | |0 0 |1 0 |2 ddc |3 erb |4 0 |6 428_000000000000000_TIL_2010 |7 0 |8 A |9 489682 |a BIBING |b BIBING |c RES |i 5496683 |l 17 |m 1 |o 428 TIL 2010 |p 5496683 |r 2025-01-20 |s 2023-09-22 |w 2019-11-24 |y BK |z Catalogado en:20180907 |k ILI | ||
| 952 | |0 0 |1 0 |2 ddc |3 erb |4 0 |6 428_000000000000000_TIL_2010 |7 0 |8 A |9 489686 |a BIBING |b BIBING |c RES |i 5496640 |l 7 |o 428 TIL 2010 |p 5496640 |q 2023-09-01 |r 2023-08-25 |s 2023-08-25 |w 2019-11-24 |y BK |z Catalogado en:20180907 |k ILI | ||
| 952 | |0 0 |1 0 |2 ddc |3 erb |4 0 |6 428_000000000000000_TIL_2010 |7 0 |8 A |9 489687 |a BIBING |b BIBING |c RES |i 5496632 |l 16 |m 1 |o 428 TIL 2010 |p 5496632 |r 2025-01-20 |s 2023-11-14 |w 2019-11-24 |y BK |z Catalogado en:20180907 |k ILI | ||
| 952 | |0 0 |1 0 |3 erb |4 0 |6 428_000000000000000_TIL_2010 |7 0 |8 A |9 489688 |a BIBHIS |b BIBHIS |i 5498023 |o 428 TIL 2010 |p 5498023 |r 2025-01-20 |w 2019-11-24 |y BK |z Catalogado en:20180913 |k ILH | ||
| 952 | |0 0 |1 0 |3 erb |4 0 |6 428_000000000000000_TIL_2010 |7 0 |8 A |9 489689 |a BIBHIS |b BIBHIS |i 5498015 |o 428 TIL 2010 |p 5498015 |r 2025-01-20 |w 2019-11-24 |y BK |z Catalogado en:20180913 |k ILH | ||
| 952 | |0 0 |1 0 |3 erb |4 0 |6 428_000000000000000_TIL_2010 |7 0 |8 A |9 489690 |a BIBHIS |b BIBHIS |i 5498007 |o 428 TIL 2010 |p 5498007 |r 2025-01-20 |w 2019-11-24 |y BK |z Catalogado en:20180913 |k ILH | ||
| 952 | |0 0 |1 0 |3 erb |4 0 |6 428_000000000000000_TIL_2010 |7 0 |8 A |9 489691 |a BIBHIS |b BIBHIS |i 549799K |o 428 TIL 2010 |p 549799K |r 2025-01-20 |w 2019-11-24 |y BK |z Catalogado en:20180913 |k ILH | ||
| 952 | |0 0 |1 0 |3 erb |4 0 |6 428_000000000000000_TIL_2010 |7 0 |8 A |9 489692 |a BIBHIS |b BIBHIS |i 5497981 |o 428 TIL 2010 |p 5497981 |r 2025-01-20 |w 2019-11-24 |y BK |z Catalogado en:20180913 |k ILH | ||
| 952 | |0 0 |1 0 |3 erb |4 0 |6 428_000000000000000_TIL_2010 |7 0 |8 A |9 489693 |a BIBHIS |b BIBHIS |i 5497973 |o 428 TIL 2010 |p 5497973 |r 2025-01-20 |w 2019-11-24 |y BK |z Catalogado en:20180913 |k ILH | ||
| 952 | |0 0 |1 0 |3 erb |4 0 |6 428_000000000000000_TIL_2010 |7 0 |8 A |9 489694 |a BIBHIS |b BIBHIS |i 5497965 |o 428 TIL 2010 |p 5497965 |r 2025-01-20 |w 2019-11-24 |y BK |z Catalogado en:20180913 |k ILH | ||
| 952 | |0 0 |1 0 |3 erb |4 0 |6 428_000000000000000_TIL_2010 |7 0 |8 A |9 489695 |a BIBHIS |b BIBHIS |i 5497957 |o 428 TIL 2010 |p 5497957 |r 2025-01-20 |w 2019-11-24 |y BK |z Catalogado en:20180913 |k ILH | ||
| 952 | |0 0 |1 0 |3 erb |4 0 |6 428_000000000000000_TIL_2010 |7 0 |8 A |9 489696 |a BIBHIS |b BIBHIS |i 5497949 |o 428 TIL 2010 |p 5497949 |r 2025-01-20 |w 2019-11-24 |y BK |z Catalogado en:20180913 |k ILH | ||
| 952 | |0 0 |1 0 |3 erb |4 0 |6 428_000000000000000_TIL_2010 |7 0 |8 A |9 489697 |a BIBHIS |b BIBHIS |i 5497930 |l 1 |m 1 |o 428 TIL 2010 |p 5497930 |r 2025-01-20 |s 2024-08-14 |w 2019-11-24 |y BK |z Catalogado en:20180913 |k ILH | ||
| 952 | |0 0 |1 0 |3 erb |4 0 |6 428_000000000000000_TIL_2010 |7 0 |8 A |9 489698 |a BIBART |b BIBART |i 5498627 |o 428 TIL 2010 |p 5498627 |r 2025-03-13 |w 2019-11-24 |y BK |z Catalogado en:20180913 |k ILT | ||
| 952 | |0 0 |1 0 |3 erb |4 0 |6 428_000000000000000_TIL_2010 |7 0 |8 A |9 489700 |a BIBART |b BIBART |i 5498600 |l 3 |m 1 |o 428 TIL 2010 |p 5498600 |r 2025-03-13 |s 2023-11-22 |w 2019-11-24 |y BK |z Catalogado en:20180913 |k ILT | ||
| 952 | |0 0 |1 0 |3 erb |4 0 |6 428_000000000000000_TIL_2010 |7 0 |8 A |9 489701 |a BIBART |b BIBART |i 5498597 |o 428 TIL 2010 |p 5498597 |r 2025-03-13 |w 2019-11-24 |y BK |z Catalogado en:20180913 |k ILT | ||
| 952 | |0 0 |1 0 |3 erb |4 0 |6 428_000000000000000_TIL_2010 |7 0 |8 A |9 489702 |a BIBART |b BIBART |i 5498589 |o 428 TIL 2010 |p 5498589 |r 2025-03-13 |w 2019-11-24 |y BK |z Catalogado en:20180913 |k ILT | ||
| 952 | |0 0 |1 0 |3 erb |4 0 |6 428_000000000000000_TIL_2010 |7 0 |8 A |9 489703 |a BIBART |b BIBART |i 5498570 |l 2 |o 428 TIL 2010 |p 5498570 |r 2025-03-13 |s 2023-09-06 |w 2019-11-24 |y BK |z Catalogado en:20180913 |k ILT | ||
| 952 | |0 0 |1 0 |3 erb |4 0 |6 428_000000000000000_TIL_2010 |7 0 |8 A |9 489704 |a BIBART |b BIBART |i 5498562 |o 428 TIL 2010 |p 5498562 |r 2025-03-13 |w 2019-11-24 |y BK |z Catalogado en:20180913 |k ILT | ||
| 952 | |0 0 |1 0 |3 erb |4 0 |6 428_000000000000000_TIL_2010 |7 0 |8 A |9 489705 |a BIBART |b BIBART |i 5498554 |l 1 |o 428 TIL 2010 |p 5498554 |r 2025-03-13 |s 2023-10-11 |w 2019-11-24 |y BK |z Catalogado en:20180913 |k ILT | ||
| 952 | |0 0 |1 0 |3 erb |4 0 |6 428_000000000000000_TIL_2010 |7 0 |8 A |9 489706 |a BIBART |b BIBART |i 5498546 |o 428 TIL 2010 |p 5498546 |r 2025-03-13 |w 2019-11-24 |y BK |z Catalogado en:20180913 |k ILT | ||
| 952 | |0 0 |1 0 |3 erb |4 0 |6 428_000000000000000_TIL_2010 |7 0 |8 A |9 489707 |a BIBART |b BIBART |i 5498538 |o 428 TIL 2010 |p 5498538 |r 2025-03-13 |w 2019-11-24 |y BK |z Catalogado en:20180913 |k ILT | ||
| 952 | |0 0 |1 0 |2 ddc |3 erb |4 0 |6 428_000000000000000_TIL_2010 |7 0 |8 A |9 489708 |a BIBEDU |b BIBEDU |c GEN |i 5497671 |o 428 TIL 2010 |p 5497671 |r 2019-11-24 |w 2019-11-24 |y BK |z Catalogado en:20180913 |k ILE | ||
| 952 | |0 0 |1 0 |2 ddc |3 erb |4 0 |6 428_000000000000000_TIL_2010 |7 0 |8 A |9 489709 |a BIBEDU |b BIBEDU |c GEN |i 5497663 |o 428 TIL 2010 |p 5497663 |r 2019-11-24 |w 2019-11-24 |y BK |z Catalogado en:20180913 |k ILE | ||
| 952 | |0 0 |1 0 |2 ddc |3 erb |4 0 |6 428_000000000000000_TIL_2010 |7 0 |8 A |9 489710 |a BIBEDU |b BIBEDU |c GEN |i 5497655 |l 2 |m 1 |o 428 TIL 2010 |p 5497655 |r 2023-10-05 |s 2023-10-05 |w 2019-11-24 |y BK |z Catalogado en:20180913 |k ILE | ||
| 952 | |0 0 |1 0 |2 ddc |3 erb |4 0 |6 428_000000000000000_TIL_2010 |7 0 |8 A |9 489711 |a BIBEDU |b BIBEDU |c GEN |i 5497647 |o 428 TIL 2010 |p 5497647 |r 2019-11-24 |w 2019-11-24 |y BK |z Catalogado en:20180913 |k ILE | ||
| 952 | |0 0 |1 0 |2 ddc |3 erb |4 0 |6 428_000000000000000_TIL_2010 |7 0 |8 A |9 489712 |a BIBEDU |b BIBEDU |c GEN |i 5497639 |o 428 TIL 2010 |p 5497639 |r 2019-11-24 |w 2019-11-24 |y BK |z Catalogado en:20180913 |k ILE | ||
| 952 | |0 0 |1 0 |2 ddc |3 erb |4 0 |6 428_000000000000000_TIL_2010 |7 0 |8 A |9 489713 |a BIBEDU |b BIBEDU |c GEN |i 5497620 |o 428 TIL 2010 |p 5497620 |r 2019-11-24 |w 2019-11-24 |y BK |z Catalogado en:20180913 |k ILE | ||
| 952 | |0 0 |1 0 |2 ddc |3 erb |4 0 |6 428_000000000000000_TIL_2010 |7 0 |8 A |9 489714 |a BIBEDU |b BIBEDU |c GEN |i 5497612 |o 428 TIL 2010 |p 5497612 |r 2019-11-24 |w 2019-11-24 |y BK |z Catalogado en:20180913 |k ILE | ||
| 952 | |0 0 |1 0 |2 ddc |3 erb |4 0 |6 428_000000000000000_TIL_2010 |7 0 |8 A |9 489715 |a BIBEDU |b BIBEDU |c GEN |i 5497604 |o 428 TIL 2010 |p 5497604 |r 2019-11-24 |w 2019-11-24 |y BK |z Catalogado en:20180913 |k ILE | ||
| 952 | |0 0 |1 0 |2 ddc |3 erb |4 0 |6 428_000000000000000_TIL_2010 |7 0 |8 A |9 489716 |a BIBEDU |b BIBEDU |c GEN |i 5497590 |o 428 TIL 2010 |p 5497590 |r 2019-11-24 |w 2019-11-24 |y BK |z Catalogado en:20180913 |k ILE | ||
| 952 | |0 0 |1 0 |2 ddc |3 erb |4 0 |6 428_000000000000000_TIL_2010 |7 0 |8 A |9 489717 |a BIBEDU |b BIBEDU |c GEN |i 5497582 |l 7 |o 428 TIL 2010 |p 5497582 |r 2022-08-29 |s 2022-08-26 |w 2019-11-24 |y BK |z Catalogado en:20180913 |k ILE | ||
| 952 | |0 0 |1 0 |2 ddc |3 erb |4 0 |6 428_000000000000000_TIL_2010 |7 0 |8 A |9 489718 |a BIBEDU |b BIBEDU |c GEN |i 5497574 |o 428 TIL 2010 |p 5497574 |r 2019-11-24 |w 2019-11-24 |y BK |z Catalogado en:20180913 |k ILE | ||
| 952 | |0 0 |1 0 |2 ddc |3 erb |4 0 |6 428_000000000000000_TIL_2010 |7 0 |8 R |9 489719 |a BIBEDU |b BIBEDU |c GEN |i 5497566 |o 428 TIL 2010 |p 5497566 |r 2019-11-24 |w 2019-11-24 |y BK |z Catalogado en:20180913 |k ILE | ||
| 952 | |0 0 |1 0 |2 ddc |3 erb |4 0 |6 428_000000000000000_TIL_2010 |7 0 |8 A |9 489720 |a BIBEDU |b BIBEDU |c GEN |i 5497558 |o 428 TIL 2010 |p 5497558 |r 2019-11-24 |w 2019-11-24 |y BK |z Catalogado en:20180913 |k ILE | ||
| 952 | |0 0 |1 0 |2 ddc |3 erb |4 0 |6 428_000000000000000_TIL_2010 |7 0 |8 A |9 489721 |a BIBEDU |b BIBEDU |c GEN |i 549754K |l 1 |m 1 |o 428 TIL 2010 |p 549754K |r 2023-08-21 |s 2023-08-07 |w 2019-11-24 |y BK |z Catalogado en:20180913 |k ILE | ||
| 952 | |0 0 |1 0 |2 ddc |3 erb |4 0 |6 428_000000000000000_TIL_2010 |7 0 |8 A |9 489722 |a BIBEDU |b BIBEDU |c GEN |i 5497531 |l 2 |o 428 TIL 2010 |p 5497531 |r 2023-10-05 |s 2023-10-05 |w 2019-11-24 |y BK |z Catalogado en:20180913 |k ILE | ||
| 952 | |0 0 |1 0 |3 erb |4 0 |6 428_000000000000000_TIL_2010 |7 0 |8 A |9 489723 |a BIBAGR |b BIBAGR |i 5498929 |o 428 TIL 2010 |p 5498929 |r 2025-01-20 |w 2019-11-24 |y BK |z Catalogado en:20180913 |k ILA | ||
| 952 | |0 0 |1 0 |3 erb |4 0 |6 428_000000000000000_TIL_2010 |7 0 |8 A |9 489724 |a BIBAGR |b BIBAGR |i 5498910 |o 428 TIL 2010 |p 5498910 |r 2025-01-20 |w 2019-11-24 |y BK |z Catalogado en:20180913 |k ILA | ||
| 952 | |0 0 |1 0 |3 erb |4 0 |6 428_000000000000000_TIL_2010 |7 0 |8 A |9 489725 |a BIBAGR |b BIBAGR |i 5498902 |o 428 TIL 2010 |p 5498902 |r 2025-01-20 |w 2019-11-24 |y BK |z Catalogado en:20180913 |k ILA | ||
| 952 | |0 0 |1 0 |3 erb |4 0 |6 428_000000000000000_TIL_2010 |7 0 |8 A |9 489726 |a BIBAGR |b BIBAGR |i 5498899 |o 428 TIL 2010 |p 5498899 |r 2025-01-20 |w 2019-11-24 |y BK |z Catalogado en:20180913 |k ILA | ||
| 952 | |0 0 |1 0 |3 erb |4 0 |6 428_000000000000000_TIL_2010 |7 0 |8 A |9 489727 |a BIBAGR |b BIBAGR |i 5498880 |o 428 TIL 2010 |p 5498880 |r 2025-01-20 |w 2019-11-24 |y BK |z Catalogado en:20180913 |k ILA | ||
| 952 | |0 0 |1 0 |3 erb |4 0 |6 428_000000000000000_TIL_2010 |7 0 |8 A |9 489728 |a BIBAGR |b BIBAGR |i 5498872 |o 428 TIL 2010 |p 5498872 |r 2025-01-20 |w 2019-11-24 |y BK |z Catalogado en:20180913 |k ILA | ||
| 952 | |0 0 |1 0 |3 erb |4 0 |6 428_000000000000000_TIL_2010 |7 0 |8 A |9 489729 |a BIBAGR |b BIBAGR |i 5498864 |o 428 TIL 2010 |p 5498864 |r 2025-01-20 |w 2019-11-24 |y BK |z Catalogado en:20180913 |k ILA | ||
| 952 | |0 0 |1 0 |3 erb |4 0 |6 428_000000000000000_TIL_2010 |7 0 |8 A |9 489730 |a BIBAGR |b BIBAGR |i 5498856 |o 428 TIL 2010 |p 5498856 |r 2025-01-20 |w 2019-11-24 |y BK |z Catalogado en:20180913 |k ILA | ||
| 952 | |0 0 |1 0 |3 erb |4 0 |6 428_000000000000000_TIL_2010 |7 0 |8 A |9 489731 |a BIBAGR |b BIBAGR |i 5498848 |o 428 TIL 2010 |p 5498848 |r 2025-01-20 |w 2019-11-24 |y BK |z Catalogado en:20180913 |k ILA | ||
| 952 | |0 0 |1 0 |3 erb |4 0 |6 428_000000000000000_TIL_2010 |7 0 |8 A |9 489732 |a BIBAGR |b BIBAGR |i 549883K |o 428 TIL 2010 |p 549883K |r 2025-01-20 |w 2019-11-24 |y BK |z Catalogado en:20180913 |k ILA | ||
| 952 | |0 0 |1 0 |2 ddc |3 erb |4 0 |6 428_000000000000000_TIL_2010 |7 0 |8 A |9 489733 |a BIBENE |b BIBENE |i 5496322 |o 428 TIL 2010 |p 5496322 |r 2025-01-15 |w 2019-11-24 |y BK |z Catalogado en:20180927 |k ILG | ||
| 952 | |0 0 |1 0 |2 ddc |3 erb |4 0 |6 428_000000000000000_TIL_2010 |7 0 |8 A |9 489734 |a BIBENE |b BIBENE |i 5496314 |o 428 TIL 2010 |p 5496314 |r 2025-01-15 |w 2019-11-24 |y BK |z Catalogado en:20180927 |k ILG | ||
| 952 | |0 0 |1 0 |2 ddc |3 erb |4 0 |6 428_000000000000000_TIL_2010 |7 0 |8 A |9 489735 |a BIBENE |b BIBENE |i 5496306 |l 1 |o 428 TIL 2010 |p 5496306 |r 2025-01-15 |s 2023-05-18 |w 2019-11-24 |y BK |z Catalogado en:20180927 |k ILG | ||
| 952 | |0 0 |1 0 |2 ddc |3 erb |4 0 |6 428_000000000000000_TIL_2010 |7 0 |8 A |9 489736 |a BIBENE |b BIBENE |i 5496292 |o 428 TIL 2010 |p 5496292 |r 2025-01-15 |w 2019-11-24 |y BK |z Catalogado en:20180927 |k ILG | ||
| 952 | |0 0 |1 0 |3 erb |4 0 |6 428_000000000000000_TIL_2010 |7 0 |8 A |9 489737 |a BIBENE |b BIBENE |i 5496284 |l 1 |m 1 |o 428 TIL 2010 |p 5496284 |r 2025-01-15 |s 2022-04-26 |w 2019-11-24 |y BK |z Catalogado en:20180927 |k ILG | ||
| 952 | |0 0 |1 0 |2 ddc |3 erb |4 0 |6 428_000000000000000_TIL_2010 |7 0 |8 A |9 489738 |a BIBENE |b BIBENE |i 5496276 |o 428 TIL 2010 |p 5496276 |r 2025-01-15 |w 2019-11-24 |y BK |z Catalogado en:20180927 |k ILG | ||
| 952 | |0 0 |1 0 |3 erb |4 0 |6 428_000000000000000_TIL_2010 |7 0 |8 A |9 489739 |a BIBENE |b BIBENE |i 5496268 |l 2 |o 428 TIL 2010 |p 5496268 |r 2025-01-15 |s 2022-05-24 |w 2019-11-24 |y BK |z Catalogado en:20180927 |k ILG | ||
| 952 | |0 0 |1 0 |2 ddc |3 erb |4 0 |6 428_000000000000000_TIL_2010 |7 0 |8 A |9 489740 |a BIBENE |b BIBENE |i 549625K |o 428 TIL 2010 |p 549625K |r 2025-01-15 |w 2019-11-24 |y BK |z Catalogado en:20180927 |k ILG | ||
| 952 | |0 0 |1 0 |3 erb |4 0 |6 428_000000000000000_TIL_2010 |7 0 |8 A |9 489741 |a BIBENE |b BIBENE |i 5496241 |l 2 |o 428 TIL 2010 |p 5496241 |r 2025-01-15 |s 2022-05-24 |w 2019-11-24 |y BK |z Catalogado en:20180927 |k ILG | ||
| 952 | |0 0 |1 0 |2 ddc |3 erb |4 0 |6 428_000000000000000_TIL_2010 |7 0 |8 A |9 489742 |a BIBENE |b BIBENE |i 5496233 |o 428 TIL 2010 |p 5496233 |r 2025-01-15 |w 2019-11-24 |y BK |z Catalogado en:20180927 |k ILG | ||
| 952 | |0 0 |1 0 |3 erb |4 0 |6 428_000000000000000_TIL_2010 |7 0 |8 A |9 489743 |a BIBENE |b BIBENE |i 5496225 |l 1 |o 428 TIL 2010 |p 5496225 |r 2025-01-15 |s 2022-07-01 |w 2019-11-24 |y BK |z Catalogado en:20180927 |k ILG | ||
| 952 | |0 0 |1 0 |2 ddc |3 erb |4 0 |6 428_000000000000000_TIL_2010 |7 0 |8 A |9 489744 |a BIBENE |b BIBENE |i 5496217 |o 428 TIL 2010 |p 5496217 |r 2025-01-15 |w 2019-11-24 |y BK |z Catalogado en:20180927 |k ILG | ||
| 952 | |0 0 |1 0 |2 ddc |3 erb |4 0 |6 428_000000000000000_TIL_2010 |7 0 |8 A |9 489745 |a BIBENE |b BIBENE |i 5496209 |l 1 |o 428 TIL 2010 |p 5496209 |r 2025-01-15 |s 2023-05-18 |w 2019-11-24 |y BK |z Catalogado en:20180927 |k ILG | ||
| 952 | |0 0 |1 0 |2 ddc |3 erb |4 0 |6 428_000000000000000_TIL_2010 |7 0 |8 A |9 489746 |a BIBENE |b BIBENE |i 5496195 |o 428 TIL 2010 |p 5496195 |r 2025-01-15 |w 2019-11-24 |y BK |z Catalogado en:20180927 |k ILG | ||
| 952 | |0 0 |1 0 |3 erb |4 0 |6 428_000000000000000_TIL_2010 |7 0 |8 A |9 489747 |a BIBENE |b BIBENE |i 5496187 |l 3 |o 428 TIL 2010 |p 5496187 |r 2025-01-15 |s 2022-06-09 |w 2019-11-24 |y BK |z Catalogado en:20180927 |k ILG | ||
| 952 | |0 0 |1 0 |2 ddc |4 0 |6 428_000000000000000_TIL_2010 |7 0 |8 A |9 582845 |a BIBENE |b BIBENE |c GEN |d 2022-05-03 |i 5651020 |o 428 TIL 2010 |p 5651020 |r 2025-01-15 |t 338 |w 2022-05-03 |y BK |k ILN | ||
| 952 | |0 0 |1 0 |2 ddc |4 0 |6 428_000000000000000_TIL_2010 |7 0 |8 A |9 582846 |a BIBENE |b BIBENE |c GEN |d 2022-05-03 |i 5651021 |l 3 |o 428 TIL 2010 |p 5651021 |r 2025-01-15 |s 2023-05-18 |t 339 |w 2022-05-03 |y BK |k ILN | ||
| 952 | |0 0 |1 0 |2 ddc |4 0 |6 428_000000000000000_TIL_2010 |7 0 |8 A |9 582847 |a BIBENE |b BIBENE |c GEN |d 2022-05-03 |i 5651022 |l 1 |o 428 TIL 2010 |p 5651022 |r 2025-01-15 |s 2023-05-18 |t 340 |w 2022-05-03 |y BK |k ILN | ||
| 952 | |0 0 |1 0 |2 ddc |4 0 |6 428_000000000000000_TIL_2010 |7 0 |8 A |9 582848 |a BIBENE |b BIBENE |c GEN |d 2022-05-03 |i 5651023 |o 428 TIL 2010 |p 5651023 |r 2025-01-15 |t 341 |w 2022-05-03 |y BK |k ILN | ||
| 952 | |0 0 |1 0 |2 ddc |4 0 |6 428_000000000000000_TIL_2010 |7 0 |8 A |9 582849 |a BIBENE |b BIBENE |c GEN |d 2022-05-03 |i 5651024 |o 428 TIL 2010 |p 5651024 |r 2025-01-15 |t 342 |w 2022-05-03 |y BK |k ILN | ||
| 952 | |0 0 |1 0 |2 ddc |4 0 |6 428_000000000000000_TIL_2010 |7 0 |8 A |9 582850 |a BIBENE |b BIBENE |c GEN |d 2022-05-03 |i 5651025 |o 428 TIL 2010 |p 5651025 |r 2025-01-15 |t 343 |w 2022-05-03 |y BK |k ILN | ||
| 952 | |0 0 |1 0 |2 ddc |4 0 |6 428_000000000000000_TIL_2010 |7 0 |8 A |9 582851 |a BIBENE |b BIBENE |c GEN |d 2022-05-03 |i 5651026 |o 428 TIL 2010 |p 5651026 |r 2025-01-15 |t 344 |w 2022-05-03 |y BK |k ILN | ||
| 952 | |0 0 |1 0 |2 ddc |4 0 |6 428_000000000000000_TIL_2010 |7 0 |8 A |9 586755 |a BIBDER |b BIBDER |c GEN |d 2022-09-20 |e Donación |i 5654745 |o 428 TIL 2010 |p 5654745 |r 2023-01-25 |t 345 |w 2022-09-20 |y BK |k DER | ||
| 952 | |0 0 |1 0 |2 ddc |4 0 |6 428_000000000000000_TIL_2010 |7 0 |8 A |9 586756 |a BIBDER |b BIBDER |c GEN |d 2022-09-20 |e Donación |i 5654746 |o 428 TIL 2010 |p 5654746 |r 2023-01-25 |t 346 |w 2022-09-20 |y BK |k DER | ||
| 952 | |0 0 |1 0 |2 ddc |4 0 |6 428_000000000000000_TIL_2010 |7 0 |8 A |9 586757 |a BIBDER |b BIBDER |c GEN |d 2022-09-20 |e Donación |i 5654747 |o 428 TIL 2010 |p 5654747 |r 2023-01-25 |t 347 |w 2022-09-20 |y BK |k DER | ||